{"text_format":"3","workbook":"xlsx","n_sheets":2,"sheets":["1","Лист1"],"not_rendered":{"defined_names":2},"read":"whole","date_system":"1900"}

{"sheet":"1","index":0,"n_rows":857,"n_cols":22,"rows_kept":857,"merged":[[0,0,0,20],[2,0,2,20],[4,0,4,20],[5,0,5,20],[7,0,9,0],[7,1,9,2],[7,3,9,3],[7,4,9,4],[7,5,7,6],[7,7,7,8],[7,9,7,20],[8,5,9,5],[8,6,9,6],[8,7,9,7],[8,8,9,8],[8,9,8,14],[8,15,8,20],[10,1,10,2],[12,1,12,2],[13,1,13,2],[25,1,25,2],[27,1,27,2],[29,1,29,2],[32,1,32,2],[36,1,36,2],[42,1,42,2],[43,1,43,2],[44,1,44,2],[45,0,47,0],[45,1,47,1],[45,5,47,5],[45,6,47,6],[48,0,49,0],[48,1,49,1],[48,5,49,5],[48,6,49,6],[51,0,63,0],[51,1,63,1],[51,5,63,5],[51,6,63,6],[64,0,68,0],[64,1,68,1],[64,5,68,5],[64,6,68,6],[69,0,72,0],[69,1,72,1],[69,5,72,5],[69,6,72,6],[74,0,75,0],[74,1,75,1],[74,5,75,5],[74,6,75,6],[78,1,78,2],[80,0,82,0],[80,5,82,5],[80,6,82,6],[83,0,86,0],[83,1,86,1],[83,5,86,5],[83,6,86,6],[87,0,92,0],[87,1,92,1],[87,5,92,5],[87,6,92,6],[93,0,97,0],[93,1,97,1],[93,5,97,5],[93,6,97,6],[98,0,99,0],[98,1,99,1],[98,5,99,5],[98,6,99,6],[100,0,102,0],[100,1,102,1],[100,5,102,5],[100,6,102,6],[103,0,106,0],[103,1,106,1],[103,5,106,5],[103,6,106,6],[107,0,113,0],[107,1,113,1],[107,5,113,5],[107,6,113,6],[114,0,115,0],[114,1,115,1],[114,5,115,5],[114,6,115,6],[116,0,117,0],[116,1,117,1],[116,5,117,5],[116,6,117,6],[118,0,121,0],[118,1,121,1],[118,5,121,5],[118,6,121,6],[122,0,127,0],[122,1,127,1],[122,5,127,5],[122,6,127,6],[129,1,129,2],[130,0,135,0],[130,1,135,1],[130,5,135,5],[130,6,135,6],[136,0,139,0],[136,1,139,1],[136,5,139,5],[136,6,139,6],[140,0,142,0],[140,1,142,1],[140,5,142,5],[140,6,142,6],[143,0,144,0],[143,1,144,1],[143,5,144,5],[143,6,144,6],[145,0,146,0],[145,1,146,1],[145,5,146,5],[145,6,146,6],[147,1,147,2],[148,0,157,0],[148,1,157,1],[148,5,157,5],[148,6,157,6],[158,1,158,2],[160,0,163,0],[160,1,163,1],[160,5,163,5],[160,6,163,6],[164,0,172,0],[164,1,172,1],[164,5,172,5],[164,6,172,6],[173,1,173,2],[174,0,178,0],[174,1,178,1],[175,5,178,5],[175,6,178,6],[179,0,186,0],[179,1,186,1],[180,5,186,5],[180,6,186,6],[187,1,187,2],[188,0,193,0],[188,1,193,1],[189,5,193,5],[189,6,193,6],[194,0,202,0],[194,1,202,1],[195,5,202,5],[195,6,202,6],[203,1,203,2],[205,1,205,2],[208,1,208,2],[210,1,210,2],[217,1,217,2],[219,1,219,2],[221,1,221,2],[230,1,230,2],[231,1,231,2],[232,1,232,2],[235,1,235,2],[238,1,238,2],[240,1,240,2],[241,1,241,2],[243,1,243,2],[246,1,246,2],[250,1,250,2],[257,1,257,2],[262,1,262,2],[269,1,269,2],[277,1,277,2],[283,1,283,2],[287,1,287,2],[290,1,290,2],[292,1,292,2],[299,1,299,2],[301,1,301,2],[305,1,305,2],[311,1,311,2],[312,1,312,2],[316,0,317,0],[316,1,317,1],[318,1,318,2],[320,1,320,2],[322,1,322,2],[324,1,324,2],[325,0,326,0],[325,1,326,1],[327,1,327,2],[328,0,329,0],[328,1,329,1],[330,1,330,2],[332,1,332,2],[334,1,334,2],[336,1,336,2],[338,1,338,2],[344,1,344,2],[345,1,345,2],[347,0,349,0],[347,1,349,1],[347,5,349,5],[347,6,349,6],[350,0,352,0],[350,1,352,1],[350,5,352,5],[350,6,352,6],[353,0,355,0],[353,1,355,1],[353,5,355,5],[353,6,355,6],[356,0,358,0],[356,1,358,1],[356,5,358,5],[356,6,358,6],[359,0,361,0],[359,1,361,1],[359,5,361,5],[359,6,361,6],[363,0,365,0],[363,1,365,1],[363,5,365,5],[363,6,365,6],[367,0,369,0],[367,1,369,1],[367,5,369,5],[367,6,369,6],[371,1,371,2],[372,0,374,0],[372,1,374,1],[372,5,374,5],[372,6,374,6],[376,0,377,0],[376,1,377,1],[376,5,377,5],[376,6,377,6],[378,0,380,0],[378,1,380,1],[378,5,380,5],[378,6,380,6],[381,0,383,0],[381,1,383,1],[381,5,383,5],[381,6,383,6],[384,0,387,0],[384,1,387,1],[384,5,387,5],[384,6,387,6],[389,1,389,2],[390,0,394,0],[390,1,394,1],[390,5,394,5],[390,6,394,6],[396,1,396,2],[397,0,399,0],[397,1,399,1],[397,5,399,5],[397,6,399,6],[401,1,401,2],[402,0,405,0],[402,1,405,1],[402,5,405,5],[402,6,405,6],[407,1,407,2],[408,0,411,0],[408,1,411,1],[408,5,411,5],[408,6,411,6],[412,0,413,0],[412,1,413,1],[412,5,413,5],[412,6,413,6],[414,1,414,2],[415,0,416,0],[415,1,416,1],[415,5,416,5],[415,6,416,6],[417,0,418,0],[417,1,418,1],[417,5,418,5],[417,6,418,6],[420,1,420,2],[424,1,424,2],[426,1,426,2],[428,1,428,2],[430,1,430,2],[432,1,432,2],[434,1,434,2],[436,1,436,2],[438,1,438,2],[439,0,441,0],[439,1,441,1],[439,5,441,5],[439,6,441,6],[442,1,442,2],[444,1,444,2],[446,1,446,2],[448,1,448,2],[449,0,451,0],[449,1,451,1],[452,1,452,2],[453,0,454,0],[453,1,454,1],[453,5,454,5],[453,6,454,6],[455,1,455,2],[464,1,464,2],[469,1,469,2],[478,1,478,2],[486,1,486,2],[487,0,490,0],[487,1,490,1],[491,1,491,2],[493,1,493,2],[499,1,499,2],[500,1,500,2],[503,1,503,2],[516,1,516,2],[518,1,518,2],[520,1,520,2],[523,1,523,2],[528,1,528,2],[534,1,534,2],[535,1,535,2],[537,1,537,2],[538,1,538,2],[539,0,541,0],[539,1,541,1],[539,5,541,5],[539,6,541,6],[542,0,543,0],[542,1,543,1],[542,5,543,5],[542,6,543,6],[545,0,549,0],[545,1,549,1],[545,5,549,5],[545,6,549,6],[551,0,552,0],[551,1,552,1],[551,5,552,5],[551,6,552,6],[557,1,557,2],[560,0,562,0],[560,1,562,1],[560,5,562,5],[560,6,562,6],[563,0,567,0],[563,1,567,1],[563,5,567,5],[563,6,567,6],[568,0,571,0],[568,1,571,1],[568,5,571,5],[568,6,571,6],[574,0,575,0],[574,1,575,1],[574,5,575,5],[574,6,575,6],[576,0,578,0],[576,1,578,1],[576,5,578,5],[576,6,578,6],[579,0,583,0],[579,1,583,1],[579,5,583,5],[579,6,583,6],[584,0,585,0],[584,1,585,1],[584,5,585,5],[584,6,585,6],[586,0,588,0],[586,1,588,1],[586,5,588,5],[586,6,588,6],[589,0,591,0],[589,1,591,1],[589,5,591,5],[589,6,591,6],[592,0,598,0],[592,1,598,1],[592,5,598,5],[592,6,598,6],[599,0,600,0],[599,1,600,1],[599,5,600,5],[599,6,600,6],[601,0,603,0],[601,1,603,1],[601,5,603,5],[601,6,603,6],[604,0,606,0],[604,1,606,1],[604,5,606,5],[604,6,606,6],[609,1,609,2],[611,0,619,0],[611,1,619,1],[611,5,619,5],[611,6,619,6],[620,1,620,2],[621,0,625,0],[621,1,625,1],[622,5,625,5],[622,6,625,6],[626,0,633,0],[626,1,633,1],[627,5,633,5],[627,6,633,6],[634,1,634,2],[635,0,640,0],[635,1,640,1],[636,5,640,5],[636,6,640,6],[641,0,648,0],[641,1,648,1],[642,5,648,5],[642,6,648,6],[649,1,649,2],[651,1,651,2],[654,1,654,2],[656,1,656,2],[664,1,664,2],[671,1,671,2],[673,1,673,2],[675,1,675,2],[676,1,676,2],[678,1,678,2],[680,1,680,2],[683,1,683,2],[686,1,686,2],[688,1,688,2],[691,1,691,2],[695,1,695,2],[696,1,696,2],[705,1,705,2],[710,1,710,2],[717,1,717,2],[723,1,723,2],[724,1,724,2],[730,1,730,2],[734,1,734,2],[735,1,735,2],[741,1,741,2],[743,1,743,2],[747,1,747,2],[753,1,753,2],[754,1,754,2],[756,1,756,2],[758,1,758,2],[761,1,761,2],[763,1,763,2],[765,1,765,2],[766,0,771,0],[766,1,771,1],[766,3,771,3],[766,4,771,4],[766,5,771,5],[766,6,771,6],[772,1,772,2],[773,0,774,0],[773,1,774,1],[773,3,774,3],[773,4,774,4],[773,5,774,5],[773,6,774,6],[775,1,775,2],[777,1,777,2],[779,1,779,2],[781,1,781,2],[782,0,783,0],[782,1,783,1],[782,3,783,3],[782,4,783,4],[782,5,783,5],[782,6,783,6],[784,1,784,2],[786,1,786,2],[788,1,788,2],[790,1,790,2],[791,0,796,0],[791,1,796,1],[791,3,796,3],[791,4,796,4],[791,5,796,5],[791,6,796,6],[797,1,797,2],[798,0,803,0],[798,1,803,1],[798,3,803,3],[798,4,803,4],[798,5,803,5],[798,6,803,6],[804,1,804,2],[806,1,806,2],[808,1,808,2],[810,1,810,2],[812,1,812,2],[814,1,814,2],[816,1,816,2],[818,1,818,2],[821,1,821,2],[823,1,823,2],[825,1,825,2],[827,1,827,2],[829,1,829,2],[831,1,831,2],[833,1,833,2],[835,1,835,2],[837,1,837,2],[839,1,839,2],[841,1,841,2],[847,1,847,2],[849,0,849,17]]}
["Приложение 1 к Документации Процедуры закупки № з-13-50104/81"]
[]
["Форма \"Предложение о цене Договора\""]
[]
["Приложение № ___ к Заявке"]
["Предложение о цене Договора с графиком финансирования"]
[]
["№ п/п","Наименование работ\n (согласно приложению 2 настоящего Договора)",null,"Ед. изм.","Объем","Начальная (максимальная) цена Заказчика",null,"Предложение Участника Процедуры закупки",null,"Стоимость работ с НДС, тыс. руб.",{"$nulls":11},"\n"]
[{"$nulls":5},"Цена за ед., с НДС, тыс. руб.","Стоимость с НДС, тыс. руб.","Цена за ед., с НДС, тыс. руб.","Стоимость с НДС, тыс. руб.","2013 г.",{"$nulls":5},"2014 г."]
[{"$nulls":9},"июль","август","сентябрь","октябрь","ноябрь","декабрь","январь","февраль","март","апрель","май","июнь"]
[1,2,null,3,4,5,6,7,8,9,10,11,12,13,14,15,16,17,18,19,20]
[]
["1.","Канализационная насосная станция № 1 (КНС № 1) включая напорные трубопроводы с аварийно-регулирующим резервуаром № 1 (АРР №1) ",null,"\n\n",null,null,{"$f":"SUM(G14,G26,G28,G30,G33,G37)","v":{"v":256102.06,"d":"256,102.06"}},{"$nulls":14},"\n\n"]
["1.1.","Здание КНС №1",{"$nulls":4},{"$f":"SUM(G15:G25)","v":{"v":131717.21999999997,"d":"131,717.22"}}]
["1.1.1.","Ж/бетонные и металлические конструкции КНС","шпунт ЛарсенЛ-Л-4\nкрепл. скважин\nЖБК монолит\nметалл","м\nм\nм3\nтн","9950,4\n120,96\n661,8\n51,75",{"v":3.2,"d":"3.20"},{"v":32228.35,"d":"32,228.35"}]
["1.1.2.","Железобетонные конструкции. Аварийно-регулирующий резервуар","шпунт Ларсен Л-4\nземля\nЖБК монолит\nарматура","м\nм3\nм3\nтн","3000\n7253\n1220,97\n101,99",40.25,{"v":49144.04,"d":"49,144.04"}]
["1.1.3.","Железобетонные и металлические конструкции. (электрощитовая)","шпунт Ларсен Л-4\nземля\nЖБК монолит\nметалл","м\nм3\nм3\nтн","853\n125\n54,4\n10,47",53.05,{"v":2885.92,"d":"2,885.92"}]
["1.1.4.","Архитектурные решения (электрощитовая)","утепл. наружн. стен.\nоблиц. здания искуств.камнем","м2","80,1\n80,1",14.98,{"v":1199.9,"d":"1,199.90"}]
["1.1.5.","Технологическое оборудование","насосы\nзатворы\nзадвижки\nтрубопроводы","шт\nшт\nшт\nм","4\n10\n19\n166",147.99,{"v":24566.34,"d":"24,566.34"}]
["1.1.6.","Вентиляция",null,"объект",{"v":1,"d":"1.00"},2789.39,{"v":2789.39,"d":"2,789.39"}]
["1.1.7.","Внутренние сети связи и охранно-пожарная сигнализация","системы оповещения\nохранной сигнализации\nпож.  сигнализации\nвидеонаблюдения","объект",{"v":1,"d":"1.00"},389.15,389.15]
["1.1.8.","Автоматизация вентсистем",null,"объект",{"v":1,"d":"1.00"},103.05,103.05]
["1.1.9.","Силовое электрооборудование",null,"объект",{"v":1,"d":"1.00"},11545.62,{"v":11545.62,"d":"11,545.62"}]
["1.1.10.","Внутреннее электроосвещение",null,"объект",{"v":1,"d":"1.00"},710.29,710.29]
["1.1.11.","АСУТП","оборудование КИП\nдиспетчеризация","объект",{"v":1,"d":"1.00"},6155.17,{"v":6155.17,"d":"6,155.17"}]
["1.2.","Сети электроснабжения",{"$nulls":4},{"$f":"SUM(G27)","v":{"v":970.2,"d":"970.20"}}]
["1.2.1.","Электроснабжение КНС (кабельные линии 0,4 кВ)","кабель","м",{"v":588,"d":"588.00"},1.65,{"v":970.2,"d":"970.20"}]
["1.3.","Сети связи",{"$nulls":4},{"$f":"SUM(G29)","v":856.74}]
["1.3.1.","Сети связи","труба ПНД 110мм\nколодцы","м\nшт","786\n10",1.09,856.74]
["1.4.","Наружные сети канализации",{"$nulls":4},{"$f":"SUM(G31:G32)","v":{"v":98716.02,"d":"98,716.02"}}]
["1.4.1.","Наружные сети канализации (напорная)","труба ВЧШГ 600 мм\nкамеры","м\nшт","3217\n9",24.75,{"v":79620.75,"d":"79,620.75"}]
["1.4.2.","Наружные сети канализации (самотечная)","камеры\nметаллич.крепления (бурен.и крепл труб)","шт\n\nм","4\n\n1461",13.07,{"v":19095.27,"d":"19,095.27"}]
["1.5.","Благоустройство и озеленение территории",{"$nulls":4},{"$f":"SUM(G34:G36)","v":{"v":6084.34,"d":"6,084.34"}}]
["1.5.1.","Наружное электроосвещение","металлич.опоры","шт",{"v":10,"d":"10.00"},{"v":80.8,"d":"80.80"},{"v":808,"d":"808.00"}]
["1.5.2.","Дорожки, тротуары","проезж.часть\nотмостка, тротуар\nбортовой камень","м2\nм2\nм","843\n158\n298",{"v":3.8,"d":"3.80"},{"v":3803.8,"d":"3,803.80"}]
["1.5.3.","Озеленение","газоны","м2",{"v":2074,"d":"2074.00"},0.71,{"v":1472.54,"d":"1,472.54"}]
["1.6.","Прочие  работы ",{"$nulls":4},{"$f":"SUM(G38:G41)","v":{"v":17757.54,"d":"17,757.54"}}]
["1.6.1.","Временные здания и сооружения",{"$nulls":4},{"v":7598.72,"d":"7,598.72"}]
["1.6.2.","Дополнительные затраты при производстве СМР в зимнее время",{"$nulls":4},{"v":5396.69,"d":"5,396.69"}]
["1.6.3.","Пуско-наладочные работы ",{"$nulls":4},{"v":2686.48,"d":"2,686.48"}]
["1.6.4.","Средства на покрытие затрат строительных организаций по добровольному страхованию",{"$nulls":4},{"v":2075.65,"d":"2,075.65"}]
[]
["2.","Ливнёвые очистные сооружения №1 (ЛОС №1)",null,"\n",null,null,{"$f":"SUM(G44,G231,G241,G247,G251,G263,G270,G278,G288,G291,G293,G306)","v":{"v":535215.0900000001,"d":"535,215.09"}},{"$nulls":14},"\n"]
["2.1.","Ливнёвые очистные сооружения",{"$nulls":4},{"$f":"SUM(G45,G79,G130,G148,G159,G174,G188,G204,G206,G209,G211,G218,G220,G222)","v":{"v":235802.20999999996,"d":"235,802.21"}}]
["2.1.1.","Архитектурные решения (ЛОС №1), в том числе:",{"$nulls":4},{"$f":"SUM(G46:G78)","v":{"v":15889.919999999998,"d":"15,889.92"}}]
[null,"Стены наружные","теплоизоляция со штукатуркой","м2",{"v":589.6,"d":"589.60"},8.94,{"v":5971.92,"d":"5,971.92"}]
[null,null,"окраска фасадной краской","м2",{"v":143,"d":"143.00"}]
[null,null,"облицовка искусственным камнем","м2",{"v":525,"d":"525.00"}]
[null,"Подпорные стенки","штукатурка по сетке","м2",{"v":576,"d":"576.00"},4.55,{"v":2866.5,"d":"2,866.50"}]
[null,null,"облицовка искусственным камнем с установкой накрывочных элементов","м2",{"v":630,"d":"630.00"}]
[null,"Внутренние стены","армированная кладка стен из кирпича М100 на растворе М75","м3",{"v":104,"d":"104.00"},8.35,{"v":868.4,"d":"868.40"}]
[null,"Отделочные работы","затирка поверхности стен цементно-песчаным раствором","м2",{"v":519.1,"d":"519.10"},2.04,{"v":2734.21,"d":"2,734.21"}]
[null,null,"штукатурка/ штукатурка по сетке","м2","53,7/682,1"]
[null,null,"утепление кладки минераловатными плитами","м2",21.24]
[null,null,"облицовка стен глазурованной плиткой","м2",{"v":19.2,"d":"19.20"}]
[null,null,"окраска водоэмульсионной краской","м2",{"v":1257,"d":"1257.00"}]
[null,null,"штукатурка и окраска водоэмульсионной краской откосов","м2",{"v":28,"d":"28.00"}]
[null,null,"затирка потолков цементно-песчаным раствором","м2",{"v":821.2,"d":"821.20"}]
[null,null,"подвесной потолок Армстронг","м2",{"v":43.7,"d":"43.70"}]
[null,null,"устройство полов из керамической плитки","м2",45.74]
[null,null,"линолеум по полимерцементной стяжке","м2",{"v":34.3,"d":"34.30"}]
[null,null,"стяжка цементно-песчаная толщиной 30мм","м2",41.78]
[null,null,"наливной пол (покрытие, стяжка, грунтовка, разделительный слой из полиэтиленовый пленки)","м2",{"v":413,"d":"413.00"}]
[null,null,"керамзитобетон (толщиной от 50 до 85мм)","м3",26.21]
[null,"Кровельные материалы","двухслойное покрытие верхний слой - ИКОПАЛ ЭКП, нижний слой - ИКОПАЛ ЭПП+геотекстиль+утепление минераловатными плитами+армированная стяжка+стяжка цементно-песчаная толщиной 20 мм","м2",{"v":581,"d":"581.00"},5.31,{"v":3085.11,"d":"3,085.11"}]
[null,null,"усиление кровельного ковра (ЭКП, ЭПП)","м2",{"v":347,"d":"347.00"}]
[null,null,"керамзитовый гравий с проливкой цементным молочком","м3",{"v":81,"d":"81.00"}]
[null,null,"пароизоляция в один слой","м2",{"v":616,"d":"616.00"}]
[null,null,"устройство фартука","м2",{"v":67.2,"d":"67.20"}]
[null,"Заполнение дверных проемов","ДГ21-7","шт",{"v":1,"d":"1.00"},11.93,131.23]
[null,null,"ДГ 21-9","шт",{"v":3,"d":"3.00"}]
[null,null,"противопожарные двери","шт",{"v":2,"d":"2.00"}]
[null,null,"внутренние и наружные (алюминиевый профиль+утепление) металлические двери","шт",{"v":5,"d":"5.00"}]
[null,"Ворота","ворота распашные с калиткой","шт",{"v":1,"d":"1.00"},157.47,157.47]
[null,"Оконные блоки","ОКА-1","шт",{"v":2,"d":"2.00"},3.47,48.58]
[null,null,"ОКА-2","шт",{"v":12,"d":"12.00"}]
[null,"Жалюзийные проемы","жалюзийный блок из алюминиевого профиля","шт",{"v":1,"d":"1.00"},{"v":1.3,"d":"1.30"},{"v":1.3,"d":"1.30"}]
[null,"Перемычки","2ПБ13-1","шт",{"v":20,"d":"20.00"},1.26,{"v":25.2,"d":"25.20"}]
["2.1.2.","Конструкции Ж/Б и металлические (очистные, электрощитовая), в том числе:",{"$nulls":4},{"$f":"SUM(G80:G129)","v":{"v":130355.55999999998,"d":"130,355.56"}},{"$nulls":14},"\n"]
[null,"Земляные работы","разработка грунта с перевозкой и обратной засыпкой","м3",{"v":9872,"d":"9872.00"},{"v":0.4,"d":"0.40"},{"v":3948.8,"d":"3,948.80"}]
[null,"Котлован в шпунтовом закреплении","шпунт Ларсена","шт/м",0.08,1.18,{"v":15021.4,"d":"15,021.40"}]
[null,"Разработка грунта","разработка, вывоз грунта","м3",{"v":12730,"d":"12730.00"}]
[null,"Перемещение","перемещение грунта бульдозером","м3",{"v":3800,"d":"3800.00"}]
[null,"Фундамент очистного сооружения","подготовка бетон В15, W12","м3",{"v":154.5,"d":"154.50"},18.75,{"v":29100,"d":"29,100.00"}]
[null,null,"бетон В35","м3",{"v":1552,"d":"1552.00"}]
[null,null,"арматурная сталь","тн",{"v":205.1,"d":"205.10"}]
[null,null,"разуклонка по днищу, бетон В15","м3",{"v":660.5,"d":"660.50"}]
[null,"Внешние стены","бетон В35","м3",{"v":1122,"d":"1122.00"},19.98,{"v":22417.56,"d":"22,417.56"}]
[null,null,"арматурная сталь","тн",{"v":285.7,"d":"285.70"}]
[null,null,"пенопекс, штукатурка","м2",{"v":120.6,"d":"120.60"}]
[null,null,"гидроизоляция битумная","м2",{"v":140.6,"d":"140.60"}]
[null,null,"закладные детали","тн",0.38]
[null,null,"профиль Максжойнт В","м",{"v":180,"d":"180.00"}]
[null,"Внутренние стены","бетон В35 W12","м3",{"v":1415,"d":"1415.00"},20.99,{"v":29700.85,"d":"29,700.85"}]
[null,null,"арматурная сталь","тн",{"v":251.1,"d":"251.10"}]
[null,null,"закладные детали","тн",0.64]
[null,null,"лестницы-стремянки","тн",1.74]
[null,null,"решетки","тн",{"v":0.168,"d":"0.17"}]
[null,"Плиты перекрытия на отметке -4,00","бетон В35 W12","м3",{"v":141.5,"d":"141.50"},17.14,{"v":2425.31,"d":"2,425.31"}]
[null,null,"арматурная сталь","тн",27.11]
[null,"Приямки","бетон В35 W12","м3",{"v":18,"d":"18.00"},21.04,378.72]
[null,null,"арматурная сталь","тн",1.72]
[null,null,"закладные детали","тн",{"v":0.544,"d":"0.54"}]
[null,"Электрощитовая","стойки","тн",{"v":0.281,"d":"0.28"},175.83,208.53]
[null,null,"лестницы-стремянки","тн",{"v":0.016,"d":"0.02"}]
[null,null,"щиты","тн",{"v":0.468,"d":"0.47"}]
[null,null,"балки перекрытия","тн",{"v":0.421,"d":"0.42"}]
[null,"Плиты перекрытия на отметке 0,00","бетон В35 W12","м3",{"v":275,"d":"275.00"},{"v":26.5,"d":"26.50"},{"v":7287.5,"d":"7,287.50"}]
[null,null,"арматурная сталь","тн",96.35]
[null,null,"плита УОП-6","шт",{"v":3,"d":"3.00"}]
[null,null,"плита КП-12","шт",{"v":4,"d":"4.00"}]
[null,null,"люк чугунный","шт",{"v":7,"d":"7.00"}]
[null,null,"закладные детали","тн",{"v":0.952,"d":"0.95"}]
[null,null,"стальные щиты","тн",{"v":0.665,"d":"0.67"}]
[null,"Балка монолитная 1","бетон В35 W12","м3",{"v":11,"d":"11.00"},24.27,266.97]
[null,null,"арматурная сталь","тн",{"v":2.5,"d":"2.50"}]
[null,"Балка монолитная 2","бетон В35 W12","м3",{"v":2.4,"d":"2.40"},25.25,{"v":60.6,"d":"60.60"}]
[null,null,"арматурная сталь","тн",{"v":0.625,"d":"0.63"}]
[null,"Плита покрытия монолитная на отметке -0,400","бетон В35 W12","м3",{"v":275,"d":"275.00"},25.91,{"v":7125.25,"d":"7,125.25"}]
[null,null,"арматурная сталь","тн",{"v":67.1,"d":"67.10"}]
[null,null,"пароизоляция, утеплитель Пеноплекс, асфальтобетон тип Б, прослойка Армдор-50, гидроизоляция","м2",{"v":600,"d":"600.00"}]
[null,null,"щебеночно-мастичный асфальтобетон толщина 50мм","м3",{"v":30,"d":"30.00"}]
[null,"Площадка обезвоживания осадка","бетон В35 W12","м3",{"v":67.7,"d":"67.70"},115.92,{"v":7847.78,"d":"7,847.78"}]
[null,null,"арматурная сталь","тн",7.01]
[null,null,"пеноплекс","м2",{"v":193.4,"d":"193.40"}]
[null,null,"гидроизоляция Макссил Супер","м2",{"v":231.8,"d":"231.80"}]
[null,null,"закладные детали","тн",{"v":0.034,"d":"0.03"}]
[null,null,"окраска металлоконструкций","м2",{"v":100.7,"d":"100.70"}]
[null,"Подмости для сооружения стен и распорок","монтаж, демонтаж конструкций"," тн",{"v":127.8,"d":"127.80"},35.73,{"v":4566.29,"d":"4,566.29"}]
["2.1.3.","Конструкции Ж/Б (надземная часть), в том числе:",{"$nulls":4},{"$f":"SUM(G131:G147)","v":{"v":10320,"d":"10,320.00"}}]
[null,"Стены железобетонные","бетон В35 W12","м3",{"v":295,"d":"295.00"},19.15,{"v":7755.75,"d":"7,755.75"}]
[null,null,"бетон В35 W6","м3",{"v":110,"d":"110.00"}]
[null,null,"арматурная сталь","тн",108.35]
[null,null,"закладные детали","тн",0.04]
[null,null,"пеноплекс марки 35, клей на основе битума","м2",{"v":45,"d":"45.00"}]
[null,null,"гидроизоляция Массил Супер","м2",{"v":160,"d":"160.00"}]
[null,"Колонны","бетон В35 W12","м3",{"v":41,"d":"41.00"},20.92,{"v":1276.12,"d":"1,276.12"}]
[null,null,"бетон В35 W6","м3",{"v":20,"d":"20.00"}]
[null,null,"арматурная сталь","тн",11.47]
[null,null,"закладные детали","тн",0.25]
[null,"Железобетонная обойма ворот","бетон В35 W6","м3",{"v":1.8,"d":"1.80"},16.12,29.02]
[null,null,"арматурная сталь","тн",{"v":0.135,"d":"0.14"}]
[null,null,"закладные изделия (МН 557, МН 201-2)","тн",{"v":0.135,"d":"0.14"}]
[null,"Сборный железобетон","балки для покрытий МБСП12-2АтY","шт",{"v":10,"d":"10.00"},29.53,{"v":1240.26,"d":"1,240.26"}]
[null,null,"плиты железобетонные ПГ-5АтYТ","шт",{"v":32,"d":"32.00"}]
[null,"Пожарная лестница","металлические конструкции","тн",0.25,{"v":75.4,"d":"75.40"},18.85]
[null,null,"огрунтовка и окраска металлических конструкций","м2",{"v":10,"d":"10.00"}]
["2.1.4.","Конструкции металлические (надземная часть),\nв том числе:",{"$nulls":4},{"$f":"SUM(G149)","v":{"v":1240.3,"d":"1,240.30"}}]
[null,"Металлические площадки","стойки","тн",{"v":3.376,"d":"3.38"},101.94,{"v":1240.3,"d":"1,240.30"}]
[null,null,"балки","тн",3.22]
[null,null,"связи","тн",1.26]
[null,null,"настил","тн",{"v":3.346,"d":"3.35"}]
[null,null,"ограждение","тн",{"v":0.965,"d":"0.97"}]
[null,null,"лестницы ЛГФ 45-30.9","шт",{"v":1,"d":"1.00"}]
[null,null,"лестницы ЛГФ 45-18.9","шт",{"v":1,"d":"1.00"}]
[null,null,"ограждение ОЛГ 45-10.30","шт",{"v":2,"d":"2.00"}]
[null,null,"ограждение ОЛГ 45-10.18","шт",{"v":2,"d":"2.00"}]
[null,null,"окраска металлоконструкций эмалью ПФ-115, грунтовка металлоконструкций грунтовкой ГФ-021 за два раза","м2",{"v":290,"d":"290.00"}]
["2.1.5.","Конструкции Ж/Б. Подпорная стенка,\nв том числе:",{"$nulls":4},{"$f":"SUM(G160:G173)","v":{"v":7346.02,"d":"7,346.02"}}]
[null,"Земляные работы","разработка грунта с погрузкой и вывозом","м3",{"v":886,"d":"886.00"},1.14,{"v":1010.04,"d":"1,010.04"}]
[null,"Металлические крепления котлована","шнековое бурение скважин, крепление скважин (с извлечением 50%, без извлечения 50%)","шт/м","26/198,72",{"v":7.2,"d":"7.20"},{"v":806.4,"d":"806.40"}]
[null,null,"устройство и разборка забирки из досок"]
[null,null,"с извлечением","м2",{"v":60.5,"d":"60.50"}]
[null,null,"без извлечения","м2",{"v":51.5,"d":"51.50"}]
[null,"Подпорная стенка","основание из песка","м3",{"v":165,"d":"165.00"},17.78,{"v":5529.58,"d":"5,529.58"}]
[null,null,"подготовка из бетона В7,5","м3",{"v":27.5,"d":"27.50"}]
[null,null,"обмазочная изоляция битумом с защитой цементным раствором","м2",{"v":275,"d":"275.00"}]
[null,null,"бетон В35 W6","м3",{"v":311,"d":"311.00"}]
[null,null,"арматурная сталь","тн",33.27]
[null,null,"изоляция стен битумом БН-IV","м2",{"v":1291,"d":"1291.00"}]
[null,null,"труба диаметром 50мм","м",{"v":13.8,"d":"13.80"}]
[null,null,"щебень 10-25мм","м3",{"v":28,"d":"28.00"}]
[null,null,"песок","м3",{"v":28,"d":"28.00"}]
["2.1.6.","Технологическое оборудование, в том числе:",{"$nulls":4},{"$f":"SUM(G175:G187)","v":{"v":60200,"d":"60,200.00"}}]
[null,"Подземная часть","оборудование",{"$nulls":3},{"v":7819.03,"d":"7,819.03"}]
[null,null,"трубопроводы","м",{"v":94,"d":"94.00"},11.47,{"v":1078.18,"d":"1,078.18"}]
[null,null,"фасонные части (отводы, тройники, переходы)","шт",{"v":19,"d":"19.00"}]
[null,null,"грунтовка металлоконструкций","м2",{"v":150,"d":"150.00"}]
[null,null,"окраска металлоконструкций","м2",{"v":150,"d":"150.00"}]
[null,"Надземная часть","оборудование",{"$nulls":3},{"v":48411.67,"d":"48,411.67"}]
[null,null,"трап ТР-50","шт",{"v":1,"d":"1.00"},5.68,{"v":2891.12,"d":"2,891.12"}]
[null,null,"трубопроводы","м ",{"v":509,"d":"509.00"}]
[null,null,"фасонные части (тройники, отводы, переходы)","шт",{"v":226,"d":"226.00"}]
[null,null,"заглушка фланцевая","шт",{"v":7,"d":"7.00"}]
[null,null,"фланцы с прокладками под фланец","шт",{"v":243,"d":"243.00"}]
[null,null,"опоры трубопроводов (бетон В22,5)","м3",{"v":1,"d":"1.00"}]
[null,null,"окраска трубопроводов эмалью ПФ-115","м2",{"v":500,"d":"500.00"}]
["2.1.7.","Отопление и вентиляция,\nв том числе:",{"$nulls":4},{"$f":"SUM(G189:G203)","v":{"v":1532.1000000000001,"d":"1,532.10"}}]
[null,"Вентиляция","оборудование",{"$nulls":3},306.94]
[null,null,"воздуховоды из оцинкованной стали","п.м/м2","105/132,3",2.62,{"v":275.1,"d":"275.10"}]
[null,null,"решетки для воздуховодов","шт",{"v":12,"d":"12.00"}]
[null,null,"дверь герметическая утепленная","шт",{"v":1,"d":"1.00"}]
[null,null,"Воздухозаборная решетка","шт",{"v":1,"d":"1.00"}]
[null,null,"шумоглушитель","шт",{"v":2,"d":"2.00"}]
[null,"Отопление","оборудование",{"$nulls":3},506.86]
[null,null,"радиатор биметаллический","шт",{"v":9,"d":"9.00"},5.54,{"v":443.2,"d":"443.20"}]
[null,null,"панельные радиаторы","шт",{"v":15,"d":"15.00"}]
[null,null,"трубопроводы с изоляцией Термофлекс","м",{"v":145,"d":"145.00"}]
[null,null,"трубопроводы","м",{"v":80,"d":"80.00"}]
[null,null,"трубный распределитель","шт",{"v":2,"d":"2.00"}]
[null,null,"клапан с отводом, соединительная трубка, термостатический элемент","шт",{"v":21,"d":"21.00"}]
[null,null,"автоматический воздухоотводчик","шт",{"v":6,"d":"6.00"}]
[null,null,"шаровой кран полнопроходный","шт",{"v":4,"d":"4.00"}]
["2.1.8.","Автоматизация вентсистем",{"$nulls":4},{"$f":"SUM(G205)","v":46.43}]
[null,null,"прокладка провода МКШ","м",{"v":140.7,"d":"140.70"},0.33,46.43]
["2.1.9.","Силовое электрооборудование, в том числе:",{"$nulls":4},{"$f":"SUM(G207:G208)","v":{"v":5355.49,"d":"5,355.49"}}]
[null,null,"оборудование",{"$nulls":3},{"v":1253.49,"d":"1,253.49"}]
[null,null,"прокладка кабеля ВВГнг-LS","м",{"v":5860,"d":"5860.00"},{"v":0.7,"d":"0.70"},{"v":4102,"d":"4,102.00"}]
["2.1.10.","Внутреннее электроосвещение",{"$nulls":4},{"$f":"SUM(G210)","v":{"v":1437.8,"d":"1,437.80"}}]
[null,null,"прокладка кабеля ВВГнг-LS","м",{"v":910,"d":"910.00"},1.58,{"v":1437.8,"d":"1,437.80"}]
["2.1.11.","Внутренние устройства (водопровод, канализация), в том числе:",{"$nulls":4},{"$f":"SUM(G212:G217)","v":264.45}]
[null,null,"холодное водоснабжение из ст.оцинк.труб","м",{"v":19,"d":"19.00"},2.11,40.09]
[null,null,"водомерный узел Ф25мм","шт",{"v":1,"d":"1.00"},39.78,39.78]
[null,null,"горячее водоснабжение из ст.оцинк.труб","м",{"v":2,"d":"2.00"},11.39,22.78]
[null,null,"канализация из чугунных (4м) и полиэтиленовых труб","м",{"v":23,"d":"23.00"},1.72,39.56]
[null,null,"водосток из чугунных труб Ф100мм","м",{"v":34,"d":"34.00"},3.33,113.22]
[null,null,"сантехника (умывальник и унитаз)","шт",{"v":2,"d":"2.00"},4.51,9.02]
["2.1.12.","Автоматизация узла учёта холодной воды для ВРУ,\nв том числе:",{"$nulls":4},{"$f":"SUM(G219)","v":{"v":97.6,"d":"97.60"}}]
[null,null,"прокладка провода ПВ3 и кабеля ВВГнг-LS","м",{"v":80,"d":"80.00"},1.22,{"v":97.6,"d":"97.60"}]
["2.1.13.","Автоматизация системы отопления, в том числе:",{"$nulls":4},{"$f":"SUM(G221)","v":109.12}]
[null,null,"прокладка провода ПВ3 и кабеля ВВГнг-LS","м",{"v":352,"d":"352.00"},0.31,109.12]
["2.1.14.","Внутренние сети связи и охранно-пожарная сигнализация, в том числе:",{"$nulls":4},{"$f":"SUM(G223:G229)","v":{"v":1607.4199999999998,"d":"1,607.42"}},{"$nulls":14},"\n"]
[null,null,"оборудование",{"$nulls":3},{"v":570.3,"d":"570.30"}]
[null,null,"прокладка провода телефонного ТРП","м",{"v":50,"d":"50.00"},0.45,{"v":22.5,"d":"22.50"}]
[null,null,"установка радиоприемника ","шт.",{"v":2,"d":"2.00"},5.35,{"v":10.7,"d":"10.70"}]
[null,null,"прокладка кабеля для устройства пожарной сигнализации","м",{"v":379,"d":"379.00"},0.58,219.82]
[null,null,"прокладка кабеля для устройства оповещения","м",{"v":40,"d":"40.00"},0.25,{"v":10,"d":"10.00"}]
[null,null,"прокладка кабеля для устройства охранной сигнализации и контроля доступа","м",{"v":2330,"d":"2330.00"},0.31,{"v":722.3,"d":"722.30"}]
[null,null,"прокладка кабеля для устройства видеонаблюдения","м",{"v":140,"d":"140.00"},0.37,{"v":51.8,"d":"51.80"}]
[null,"ВСЕГО ПО П.1",{"$nulls":4},{"v":235802.21,"d":"235,802.21"}]
["2.2.","Индивидуальный тепловой пункт",{"$nulls":4},{"$f":"SUM(G232,G233,G236,G239)","v":{"v":11621.11,"d":"11,621.11"}}]
["2.2.1.","Индивидуальный тепловой пункт",{"$nulls":4},{"v":2435.08,"d":"2,435.08"}]
["2.2.2.","АСУТП, в том числе:",{"$nulls":4},{"$f":"SUM(G234:G235)","v":{"v":8177.37,"d":"8,177.37"}}]
[null,null,"оборудование",{"$nulls":3},{"v":6819.57,"d":"6,819.57"}]
[null,null,"прокладка провода ПВ3 и кабеля ВВГнг-LS","м",{"v":3085.9,"d":"3085.90"},0.44,{"v":1357.8,"d":"1,357.80"}]
["2.2.3.","Силовое электрооборудование ИТП,\nв том числе:",{"$nulls":4},{"$f":"SUM(G237:G238)","v":{"v":899.8599999999999,"d":"899.86"}}]
[null,null,"оборудование",{"$nulls":3},361.96]
[null,null,"прокладка кабеля ВВГнг-LS","м",{"v":1630,"d":"1630.00"},0.33,{"v":537.9,"d":"537.90"}]
["2.2.4.","Внутреннее электроосвещение ИТП",{"$nulls":4},{"$f":"SUM(G240)","v":{"v":108.8,"d":"108.80"}}]
[null,null,"прокладка кабеля ВВГнг-LS","м",{"v":40,"d":"40.00"},2.72,{"v":108.8,"d":"108.80"}]
["2.3.","Объекты энергетического хозяйства, в том числе:",{"$nulls":4},{"$f":"SUM(G242,G244)","v":{"v":13076.34,"d":"13,076.34"}}]
["2.3.1.","Электроснабжение ЛОС №1 (кабельные линии 0,4 кВ)","прокладка кабеля АПвзБбШп ",{"$nulls":3},{"$f":"SUM(G243)","v":{"v":275.4,"d":"275.40"}}]
[null,null,"прокладка кабеля АПвзБбШп ","м",{"v":204,"d":"204.00"},1.35,{"v":275.4,"d":"275.40"}]
["2.3.2.","ТП-1 (2БКТП-1000 кВа)",{"$nulls":4},{"$f":"SUM(G245:G246)","v":{"v":12800.94,"d":"12,800.94"}}]
[null,null,"оборудование",{"$nulls":3},{"v":11606.25,"d":"11,606.25"}]
[null,null,"строительно-монтажные работы по установке БКТП","подстанция",{"v":1,"d":"1.00"},1194.69,{"v":1194.69,"d":"1,194.69"}]
["2.4.","Сети связи, в том числе:",{"$nulls":4},{"$f":"SUM(G248:G250)","v":69.53}]
[null,null,"разработка грунта с перевоз-кой и частичной засыпкой песком","м3",{"v":12,"d":"12.00"},1.47,17.64]
[null,null,"прокладка труб ПЭ ","м",{"v":42,"d":"42.00"},0.28,11.76]
[null,null,"устройство колодцев ","шт.",{"v":1,"d":"1.00"},40.13,40.13]
["2.5.","Тепломеханические решения тепловых сетей, в том числе:",{"$nulls":4},{"$f":"SUM(G252:G257,G258)","v":{"v":1570.6000000000001,"d":"1,570.60"}}]
[null,null,"разработка грунта с перевоз-кой и частичной засыпкой песком","м3",{"v":479,"d":"479.00"},0.42,201.18]
[null,null,"трубопроводы (ППУ)","м",{"v":75,"d":"75.00"},3.85,288.75]
[null,null,"водовыпуск Ф400мм","м",{"v":4,"d":"4.00"},2.34,9.36]
[null,null,"трасса (ППУ. Узлы). Бетон М150-350 (W6)","м3",7.14,18.48,131.95]
[null,null,"трасса (ППУ. Каналы). Бетон М150-350 (W6).","м3",35.82,16.77,{"v":600.7,"d":"600.70"}]
[null,null,"монтажные работы","объект",{"v":1,"d":"1.00"},271.36,271.36]
["2.5.1.","Контроль ППУ изоляции тепловых сетей, в том числе:",{"$nulls":4},{"$f":"SUM(G259:G262)","v":{"v":67.3,"d":"67.30"}}]
[null,null,"прокладка трубопроводов Ф50мм и кабеля","м",{"v":45,"d":"45.00"},0.62,{"v":27.9,"d":"27.90"}]
[null,null,"оборудование",{"$nulls":3},{"v":19.6,"d":"19.60"}]
[null,null,"материалы",{"$nulls":3},13.21]
[null,null,"устройство ковера","шт",{"v":2,"d":"2.00"},{"v":3.3,"d":"3.30"},6.59]
["2.6.","Наружные сети водопровода, в том числе:",{"$nulls":4},{"$f":"SUM(G264:G269)","v":342.22}]
[null,null,"разработка грунта с перевоз-кой и засыпкой песком","м3",{"v":219,"d":"219.00"},0.74,162.06]
[null,null,"трубопроводы ВЧШГ","м",{"v":28,"d":"28.00"},1.84,51.52]
[null,null,"врезка Ф100мм","шт",{"v":1,"d":"1.00"},4.46,4.46]
[null,null,"трубопроводы в футляре Ф300мм","м",{"v":22.5,"d":"22.50"},3.85,86.63]
[null,null,"установка задвижек Ф50-100мм","шт",{"v":1,"d":"1.00"},36.51,36.51]
[null,null,"строительные работы","м3",0.14,7.43,1.04]
["2.7.","Наружные сети канализации, в том числе:",{"$nulls":4},{"$f":"SUM(G271:G277)","v":{"v":1865.78,"d":"1,865.78"}}]
[null,null,"разработка грунта с перевоз-кой и засыпкой песком","м3",{"v":569,"d":"569.00"},0.69,392.61]
[null,null,"металлические крепления из труб Ф219мм (шнековое бурение)","м",232.56,{"v":3.3,"d":"3.30"},767.45]
[null,null,"трубопроводы из труб ВЧШГ","м",{"v":47,"d":"47.00"},2.16,101.52]
[null,null,"стальные футляры Ф400мм","м",{"v":20.5,"d":"20.50"},5.81,119.11]
[null,null,"основание из песка","м3",0.11,1.64,0.18]
[null,null,"обоймы М200","м",{"v":4.5,"d":"4.50"},2.09,9.41]
[null,null,"камеры ж/б М350 (W) (3шт.)","м3",16.97,28.02,{"v":475.5,"d":"475.50"}]
["2.8.","Сети дождевой канализации, в том числе:",{"$nulls":4},{"$f":"SUM(G279:G283,G284)","v":{"v":40061.82,"d":"40,061.82"}}]
[null,null,"разработка грунта с перевоз-кой и засыпкой песком","м3",{"v":18762,"d":"18762.00"},0.37,{"v":6941.94,"d":"6,941.94"}]
[null,null,"металлические крепления из труб Ф219мм","м",{"v":3471.6,"d":"3471.60"},4.68,{"v":16247.09,"d":"16,247.09"}]
[null,null,"трубопроводы КОРСИС Ф500 (323м), Ф800мм (101м) и Ф1200мм (160м)","м",{"v":584,"d":"584.00"},{"v":14,"d":"14.00"},{"v":8176,"d":"8,176.00"}]
[null,null,"основания под трубы (песок - 342м, бетон М100 - 124,5м, ж/б М200- 101м","м",{"v":567.5,"d":"567.50"},5.93,{"v":3365.28,"d":"3,365.28"}]
[null,null,"обоймы М100","м",{"v":16.5,"d":"16.50"},18.77,309.71]
["2.8.1.","Наружные сети дождевой канализации (камеры),\nв том числе:",{"$nulls":4},{"$f":"SUM(G285:G287)","v":{"v":5021.8,"d":"5,021.80"}}]
[null,null,"дождеприёмные колодцы","м3",3.04,33.26,101.11]
[null,null,"монолитное ж/б основание для колодцев М350 (W6)","м3",0.89,13.61,12.11]
[null,null,"колодцы 13шт. М350 (W6)","м3",280.49,{"v":17.5,"d":"17.50"},{"v":4908.58,"d":"4,908.58"}]
["2.9.","Грунтоцементные сваи, в том числе:",{"$nulls":4},{"$f":"SUM(G289:G290)","v":{"v":181014.64,"d":"181,014.64"}}]
[null,null,"устройство свай Ф112мм","м",{"v":70334,"d":"70334.00"},2.57,{"v":180758.38,"d":"180,758.38"}]
[null,null,"разработка грунта с перевозкой","м3",{"v":692.6,"d":"692.60"},0.37,256.26]
["2.10.","Водопонижение вакуумными УВВ-3 иглофильтрами",{"$nulls":4},{"$f":"SUM(G292)","v":439.44}]
[null,null,"иглофильтры Ф48мм","шт",{"v":12,"d":"12.00"},36.62,439.44]
["2.11.","Благоустройство, в том числе:",{"$nulls":4},{"$f":"SUM(G294:G299,G300,G302)","v":{"v":12231.149999999998,"d":"12,231.15"}}]
[null,null,"разработка грунта с перевоз-кой и демонтаж плит (693м3)","м3",{"v":4928,"d":"4928.00"},0.54,{"v":2661.12,"d":"2,661.12"}]
[null,null,"устройство проезжей части (песок 40см, бетон В7,5 18см., а/б тип1 6см, а/б типВ 5см)","м2",{"v":1418,"d":"1418.00"},2.32,{"v":3289.76,"d":"3,289.76"}]
[null,null,"устройство тротуаров(песок 30см, щебень 15см, а/б тип1 5см, а/б тип Д 3см.)","м2",{"v":56,"d":"56.00"},1.38,77.28]
[null,null,"устройство отмостки (песок 25см, бетон В15 8-15см, а/б тип Л 3см)","м2",{"v":148,"d":"148.00"},1.57,232.36]
[null,null,"устройство бортового камня","м",{"v":405,"d":"405.00"},0.88,{"v":356.4,"d":"356.40"}]
[null,null,"водоотводный лоток М250 (W6)","м3",{"v":21,"d":"21.00"},8.03,168.63]
["2.11.1.","Ограждение площадки ЛОС №1,7 в том числе:",{"$nulls":4},{"$f":"SUM(G301)","v":{"v":3156.15,"d":"3,156.15"}}]
[null,null,"металлическое ограждение","м",{"v":397,"d":"397.00"},7.95,{"v":3156.15,"d":"3,156.15"}]
["2.11.2.","Озеленение, в том числе:",{"$nulls":4},{"$f":"SUM(G303:G305)","v":{"v":2289.45,"d":"2,289.45"}}]
[null,null,"газон","м2",{"v":3384,"d":"3384.00"},0.41,{"v":1387.44,"d":"1,387.44"}]
[null,null,"откосы","м2",{"v":217,"d":"217.00"},0.34,73.78]
[null,null,"уход","м2",{"v":3601,"d":"3601.00"},0.23,828.23]
["2.12.","Прочие  работы и затраты",{"$nulls":4},{"$f":"SUM(G307:G310)","v":{"v":37120.25,"d":"37,120.25"}}]
["2.12.1.","Временные здания и сооружения",{"$nulls":4},{"v":15953.24,"d":"15,953.24"}]
["2.12.2.","Зимнее удорожание",{"$nulls":4},{"v":11330.16,"d":"11,330.16"}]
["2.12.3.","Страхование объекта",{"$nulls":4},{"v":4357.75,"d":"4,357.75"}]
["2.12.4.","Пуско-наладочные работы",{"$nulls":4},{"v":5479.1,"d":"5,479.10"}]
[]
["3.","Стационарный снегоплавильный пункт (ССП 1)",null,"\n",null,null,{"$f":"SUM(G313,G319,G321,G323,G325,G328,G331,G333,G335,G337,G339)","v":{"v":23666.590000000007,"d":"23,666.59"}}]
["3.1.","Здание операторской, в том числе:",{"$nulls":4},{"$f":"SUM(G314:G318)","v":{"v":2560.5800000000004,"d":"2,560.58"}}]
["3.1.1.","Здание операторской","Одноэтажное наземное здание размером в осях 9,0 х3,0 м, высотой 3,0 м","м2",{"v":27,"d":"27.00"},88.71,{"v":2395.17,"d":"2,395.17"}]
["3.1.2.","Прокладка телекоммуникационной канализации","труба гофрированная полиэтиленовая жесткая диам. 110мм","км",0.34,416.06,141.46]
["3.1.3.","Сети связи и охраннопожарной сигнализации","труба ПНД диам. 76мм","км",0.02,{"v":303.5,"d":"303.50"},6.07]
["3.1.4.","Заземление","сталь полосовая ","100м",0.93,13.11,12.19]
[null,null,"вертикальный заземлитель 3м ","10шт",{"v":0.8,"d":"0.80"},7.11,5.69]
["3.2.","Снегоплавильная установка, в том числе:",{"$nulls":4},{"$f":"SUM(G320)","v":{"v":15150.3,"d":"15,150.30"}}]
["3.2.1.","Снегоплавильная установка производительностью 2500м3/сут","комплекс","к-т",{"v":1,"d":"1.00"},{"v":15150.3,"d":"15150.30"},{"v":15150.3,"d":"15,150.30"}]
["3.3.","Внутриплощадочные кабельные сети",{"$nulls":4},{"$f":"SUM(G322)","v":42.58}]
[null,null,"кабель ВБбШв 5х25, кабель ВВГнг-LS 3х2,5","км",0.06,709.67,42.58]
["3.4.","Наружное освещение",{"$nulls":4},{"$f":"SUM(G324)","v":242.99}]
[null,null,"опора металлическая 9м - 8шт,  кабель ВБбШв 5х6мм2 - 160м","к-т",{"v":1,"d":"1.00"},242.99,242.99]
["3.5.","Благоустройство и озеленение",{"$nulls":4},{"$f":"SUM(G326:G327)","v":{"v":1142.18,"d":"1,142.18"}}]
[null,null,"устройство площадок и проездов","м2",{"v":774,"d":"774.00"},1.36,{"v":1052.64,"d":"1,052.64"}]
[null,null,"устройство газона посевного","м2",{"v":190.5,"d":"190.50"},0.47,89.54]
["3.6.","Наружные сети водопровода",{"$nulls":4},{"$f":"SUM(G329:G330)","v":485.75}]
[null,null,"труба чугунная диам. 100","м",{"v":47,"d":"47.00"},8.79,413.13]
[null,null,"труба ПЭ100 SDR17","м",{"v":23.5,"d":"23.50"},3.09,72.62]
["3.7.","Наружные сети канализации",{"$nulls":4},{"$f":"SUM(G332)","v":{"v":504.9,"d":"504.90"}}]
[null,null,"труба чугунная диам. 100-200 мм","м",{"v":33,"d":"33.00"},{"v":15.3,"d":"15.30"},{"v":504.9,"d":"504.90"}]
["3.8.","Тепловые сети",{"$nulls":4},{"$f":"SUM(G334)","v":{"v":1442.61,"d":"1,442.61"}}]
[null,null,"труба ПЭ в ППУ изоляции в непроходном канале","м",{"v":13.5,"d":"13.50"},106.86,{"v":1442.61,"d":"1,442.61"}]
["3.9.","Кабельные линии 0,4 кВ",{"$nulls":4},{"$f":"SUM(G336)","v":278.99}]
[null,null,"кабель АПвзБбШп- 1кВ 4х70","км",0.11,2536.27,278.99]
["3.10.","Наружные сети дождевой канализации",{"$nulls":4},{"$f":"SUM(G338)","v":{"v":193.8,"d":"193.80"}}]
[null,null,"труба полипропиленовая Корсис Про","м",{"v":7.5,"d":"7.50"},25.84,{"v":193.8,"d":"193.80"}]
["3.11.","Прочие  работы и затраты",{"$nulls":4},{"$f":"SUM(G340:G343)","v":{"v":1621.9099999999999,"d":"1,621.91"}}]
["3.11.1.","Временные здания и сооружения",{"$nulls":4},558.03]
["3.11.2.","Зимнее удорожание",{"$nulls":4},396.32]
["3.11.3.","Страхование объекты",{"$nulls":4},152.39]
["3.11.4.","Пуско-наладочные работы",{"$nulls":4},515.17]
[]
["4.","Дополнительный диспетчерский пункт для обслуживания энергетического коллектора",null,"\n",null,null,{"$f":"SUM(G346,G372,G390,G397,G402,G408,G415,G421,G425,G427,G429,G431,G433,G435,G437,G439,G443,G445,G447,G449,G453,G456,G465,G470,G479,G487,G492,G494)","v":{"v":62516.03,"d":"62,516.03"}},{"$nulls":11}," - "," - "," - ","\n"]
["4.1.","Конструктивные решения, в том числе:",{"$nulls":4},{"$f":"SUM(G347:G371)","v":{"v":7722.48,"d":"7,722.48"}},{"$nulls":11}," - "," - "," - "]
["4.1.1.","Земляные работы","разработка грунта с перевоз-кой и укреплением бермы","м3",{"v":1041,"d":"1041.00"},0.08,83.28,{"$nulls":11}," - "," - "," - "]
["4.1.2.","Фундамент","бетонная подготовка В7,5","м3",{"v":15,"d":"15.00"},13.73,{"v":1462.25,"d":"1,462.25"},{"$nulls":11}," - "," - "," - "]
[null,null,"ж/б плита  В25","м3",{"v":91.5,"d":"91.50"},{"$nulls":13}," - "," - "," - "]
[null,null,"арматурная сталь","тн",7.38,{"$nulls":13}," - "," - "," - "]
["4.1.3.","Стены","бетон В25","м3",{"v":110,"d":"110.00"},{"v":19.9,"d":"19.90"},{"v":2189,"d":"2,189.00"},{"$nulls":11}," - "," - "," - "]
[null,null,"арматурная сталь","тн",9.83,{"$nulls":13}," - "," - "," - "]
[null,null,"закладные детали","тн",1.21,{"$nulls":13}," - "," - "," - "]
["4.1.4.","Стена парапета","бетон В25 ","м3",12.14,{"v":22.3,"d":"22.30"},270.72,{"$nulls":11}," - "," - "," - "]
[null,null,"арматурная сталь","тн",1.61,{"$nulls":13}," - "," - "," - "]
[null,null,"закладные детали","тн",0.25,{"$nulls":13}," - "," - "," - "]
["4.1.5.","Плита перекрытия","бетон В25","м3",{"v":40,"d":"40.00"},22.35,{"v":894,"d":"894.00"},{"$nulls":11}," - "," - "," - "]
[null,null,"арматурная сталь","тн",{"v":5.106,"d":"5.11"},{"$nulls":13}," - "," - "," - "]
[null,null,"закладные детали","тн",0.25,{"$nulls":13}," - "," - "," - "]
["4.1.6.","Плита покрытия","бетон В25 ","м3",38.86,22.86,888.34,{"$nulls":11}," - "," - "," - "]
[null,null,"арматурная сталь","тн",6.22,{"$nulls":13}," - "," - "," - "]
[null,null,"закладные детали","тн",0.25,{"$nulls":13}," - "," - "," - "]
["4.1.7.","Перемычки","перемычки металлические","тн",{"v":0.344,"d":"0.34"},96.51,{"v":33.2,"d":"33.20"},{"$nulls":11}," - "," - "," - "]
["4.1.8.","Лестницы","бетон В25 ","м3",{"v":6.5,"d":"6.50"},30.96,201.24,{"$nulls":11}," - "," - "," - "]
[null,null,"арматурная сталь","тн",1.02,{"$nulls":13}," - "," - "," - "]
[null,null,"закладные детали","тн",0.14,{"$nulls":13}," - "," - "," - "]
["4.1.9.","Крепление перегородок","металоконструкции","тн",{"v":4.365,"d":"4.37"},318.62,{"v":1382.53,"d":"1,382.53"},{"$nulls":11}," - "," - "," - "]
["4.1.10.","Наружные приямки","бетон В7,5","м3",{"v":0.5,"d":"0.50"},23.05,140.61,{"$nulls":11}," - "," - "," - "]
[null,null,"бетон В25","м3",{"v":5.6,"d":"5.60"},{"$nulls":13}," - "," - "," - "]
[null,null,"арматурая сталь","тн",0.57,{"$nulls":13}," - "," - "," - "]
["4.1.11.","Транспорт грунта",null,"тн",{"v":1043,"d":"1043.00"},0.17,177.31,{"$nulls":11}," - "," - "," - "]
["4.2.","Архитектурные решения, в том числе:",{"$nulls":4},{"$f":"SUM(G373:G389)","v":{"v":8220.04,"d":"8,220.04"}},{"$nulls":11}," - "," - "," - "]
["4.2.1.","Кирпичные стены и перегородки","кладка перегородок","м2",307.42,2.65,{"v":1544.08,"d":"1,544.08"},{"$nulls":11}," - "," - "," - "]
[null,null,"кладка стенок с армированием, гидроизоляция стен","м2",275.25,{"$nulls":13}," - "," - "," - "]
[null,null,"укладка перемычек","шт",{"v":4,"d":"4.00"},{"$nulls":13}," - "," - "," - "]
["4.2.2.","Кровля","двухслойное покрытие верхний слой - ИЗОПЛАСТ ЭКП, нижний слой - ИЗОПЛАСТ ЭПП+утепление минераловатными плитами+армированная стяжка+стяжка цементно-песчаная толщиной 30 мм","м2",{"v":172,"d":"172.00"},{"v":5.2,"d":"5.20"},{"v":894.4,"d":"894.40"},{"$nulls":11}," - "," - "," - "]
["4.2.3.","Окна и двери","двери","шт",{"v":10,"d":"10.00"},47.14,{"v":471.4,"d":"471.40"},{"$nulls":11}," - "," - "," - "]
[null,null,"окна","м2",24.16,{"$nulls":13}," - "," - "," - "]
["4.2.4.","Внутренние отделочные работы","потолки (штукатурка, подвесной потолок типа Армстронг, подвесной реечный потолок, окраска в/э краской)","м2",263.37,6.81,{"v":1812.55,"d":"1,812.55"},{"$nulls":11}," - "," - "," - "]
[null,null,"стены и перегородки (штукатурка и окраска в/э краской, минвата)","м2",959.69,{"$nulls":13}," - "," - "," - "]
[null,null,"полы (стяжка+керамическая плитка)","м2",266.16,{"$nulls":13}," - "," - "," - "]
["4.2.5.","Наружная отделка","цоколь","м2",{"v":44,"d":"44.00"},11.82,{"v":2901.01,"d":"2,901.01"},{"$nulls":11}," - "," - "," - "]
[null,null,"отделка фасадов искусственным камнем и панелями","м2",{"v":174.432,"d":"174.43"},{"$nulls":13}," - "," - "," - "]
[null,null,"козырек (обшивка снизу)","м2",{"v":27,"d":"27.00"},{"$nulls":13}," - "," - "," - "]
["4.2.6.","Другие работы","металлоконструкции","тн",{"v":0.3,"d":"0.30"},1726.07,517.82,{"$nulls":11}," - "," - "," - "]
[null,null,"молниезащиты","м",{"v":151,"d":"151.00"},{"$nulls":13}," - "," - "," - "]
[null,null,"устройство стока","м3",14.68,{"$nulls":13}," - "," - "," - "]
[null,null,"отмостка","м2",{"v":6.1,"d":"6.10"},{"$nulls":13}," - "," - "," - "]
["4.2.7.","Леса строительные","установка и разборка лесов","м2",{"v":303,"d":"303.00"},0.26,78.78,{"$nulls":11}," - "," - "," - "]
["4.3.","Вентиляция, в том числе:",{"$nulls":4},{"$f":"SUM(G391:G396)","v":{"v":2777.7799999999997,"d":"2,777.78"}},{"$nulls":11}," - "," - "," - "]
["4.3.1.","Сантехнические работы","канальный вентилятор","шт",{"v":4,"d":"4.00"},38.71,{"v":2709.7,"d":"2,709.70"},{"$nulls":11}," - "," - "," - "]
[null,null,"трубы стальные","м",{"v":70,"d":"70.00"},{"$nulls":13}," - "," - "," - "]
[null,null,"воздуховоды","м2",{"v":288,"d":"288.00"},{"$nulls":13}," - "," - "," - "]
[null,null,"дверь герметическая утепленная","шт",{"v":1,"d":"1.00"},{"$nulls":13}," - "," - "," - "]
[null,null,"шумоглушитель","шт",{"v":6,"d":"6.00"},{"$nulls":13}," - "," - "," - "]
["4.3.2.","Монтажные работы","блок сплит-системы","шт",{"v":4,"d":"4.00"},17.02,68.08,{"$nulls":11}," - "," - "," - "]
["4.4.","Отопление, в том числе:",{"$nulls":4},{"$f":"SUM(G398:G401)","v":404.54},{"$nulls":11}," - "," - "," - "]
["4.4.1.","Сантехнические работы","трубы стальные","м",{"v":160,"d":"160.00"},2.48,{"v":396.8,"d":"396.80"},{"$nulls":11}," - "," - "," - "]
[null,null,"воздухоотводчики","шт",{"v":11,"d":"11.00"},{"$nulls":13}," - "," - "," - "]
[null,null,"радиаторы стальные","шт",{"v":18,"d":"18.00"},{"$nulls":13}," - "," - "," - "]
["4.4.2.","Монтажные работы","электрообогреватели","шт",{"v":1,"d":"1.00"},7.74,7.74,{"$nulls":11}," - "," - "," - "]
["4.5.","Теплоснабжение, в том числе:",{"$nulls":4},{"$f":"SUM(G403:G407)","v":411.39},{"$nulls":11}," - "," - "," - "]
["4.5.1.","Сантехнические работы","насосы","шт",{"v":4,"d":"4.00"},8.63,302.05,{"$nulls":11}," - "," - "," - "]
[null,null,"краны шаровые","шт",{"v":16,"d":"16.00"},{"$nulls":13}," - "," - "," - "]
[null,null,"трубы стальные","м",{"v":35,"d":"35.00"},{"$nulls":13}," - "," - "," - "]
[null,null,"воздухоотводчики","шт",{"v":4,"d":"4.00"},{"$nulls":13}," - "," - "," - "]
["4.5.2.","Монтажные работы","клапан двухходовый","шт",{"v":2,"d":"2.00"},54.67,109.34,{"$nulls":11}," - "," - "," - "]
["4.6.","Внутренние сети водопровода, в том числе:",{"$nulls":4},{"$f":"SUM(G409:G413)","v":288.44},{"$nulls":11}," - "," - "," - "]
["4.6.1.","Водопровод хозяйственно-питьевой В1","трубы полиэтиленовые","м",{"v":40,"d":"40.00"},{"v":5.3,"d":"5.30"},{"v":212,"d":"212.00"},{"$nulls":11}," - "," - "," - "]
[null,null,"водомерный узел","шт",{"v":1,"d":"1.00"},{"$nulls":13}," - "," - "," - "]
[null,null,"водомерная вставка","шт",{"v":1,"d":"1.00"},{"$nulls":13}," - "," - "," - "]
[null,null,"краны шаровые","шт",{"v":11,"d":"11.00"},{"$nulls":13}," - "," - "," - "]
["4.6.2.","Горячее водоснабжение ТЗ","трубы полиэтиленовые","м",{"v":28,"d":"28.00"},2.73,76.44,{"$nulls":11}," - "," - "," - "]
[null,null,"краны шаровые","шт",{"v":10,"d":"10.00"},{"$nulls":13}," - "," - "," - "]
["4.7.","Внутренние сети канализации, в том числе:",{"$nulls":4},{"$f":"SUM(G416:G420)","v":296.97},{"$nulls":11}," - "," - "," - "]
["4.7.1.","Хозяйственно-бытовая канализация К1","канализация из чугунных и полиэтиленовых труб","м",{"v":40,"d":"40.00"},2.41,{"v":96.4,"d":"96.40"},{"$nulls":11}," - "," - "," - "]
[null,null,"сантехника (умывальник, душевая и унитаз)","шт",{"v":10,"d":"10.00"},{"$nulls":13}," - "," - "," - "]
["4.7.2.","Канализация дренажная напорная К2Н","канализация из чугунных и стальных труб","м",{"v":9,"d":"9.00"},20.01,180.09,{"$nulls":11}," - "," - "," - "]
[null,null,"насосы центробежные","шт",{"v":2,"d":"2.00"},{"$nulls":13}," - "," - "," - "]
["4.7.3.","Монтажные работы","шкаф управления","шт",{"v":1,"d":"1.00"},20.48,20.48,{"$nulls":11}," - "," - "," - "]
["4.8.","Электромонтажные работы, в том числе:",{"$nulls":4},{"$f":"SUM(G422:G424)","v":{"v":1380,"d":"1,380.00"}},{"$nulls":11}," - "," - "," - "]
["4.8.1.","Строительные работы","разработка грунта с обратной засыпкой ","м3",{"v":30,"d":"30.00"},1.23,{"v":36.9,"d":"36.90"},{"$nulls":11}," - "," - "," - "]
["4.8.2.","Монтажные работы и материалы","прокладка кабеля","м",{"v":1485,"d":"1485.00"},0.76,{"v":1128.6,"d":"1,128.60"},{"$nulls":11}," - "," - "," - "]
["4.8.3.","Оборудование",{"$nulls":4},{"v":214.5,"d":"214.50"},{"$nulls":11}," - "," - "," - "]
["4.9.","Автоматизация и диспетчеризация вентсистем, в том числе:",{"$nulls":4},{"$f":"SUM(G426)","v":{"v":725.4,"d":"725.40"}},{"$nulls":11}," - "," - "," - "]
[null,null,"прокладка кабеля ","м",{"v":780,"d":"780.00"},0.93,{"v":725.4,"d":"725.40"},{"$nulls":11}," - "," - "," - "]
["4.10.","Охранно-пожарная сигнализация, в том числе:",{"$nulls":4},{"$f":"SUM(G428)","v":{"v":413.6,"d":"413.60"}},{"$nulls":11}," - "," - "," - "]
[null,null,"прокладка кабеля ","м",{"v":470,"d":"470.00"},0.88,{"v":413.6,"d":"413.60"},{"$nulls":11}," - "," - "," - "]
["4.11.","Технологическое оборудование",{"$nulls":4},{"$f":"SUM(G430)","v":555.18},{"$nulls":11}," - "," - "," - "]
[null,null,"комплекс","шт",{"v":1,"d":"1.00"},555.18,555.18,{"$nulls":11}," - "," - "," - "]
["4.12.","Индивидуальный тепловой пункт",{"$nulls":4},{"$f":"SUM(G432)","v":{"v":1438.27,"d":"1,438.27"}},{"$nulls":11}," - "," - "," - "]
[null,null,"ИТП","шт",{"v":1,"d":"1.00"},1438.27,{"v":1438.27,"d":"1,438.27"},{"$nulls":11}," - "," - "," - "]
["4.13.","Электромонтажные работы. ИТП",{"$nulls":4},{"$f":"SUM(G434)","v":424.27},{"$nulls":11}," - "," - "," - "]
[null,null,"прокладка кабеля ВВГнг-LS и провода ПВ3","м",{"v":319,"d":"319.00"},1.33,424.27,{"$nulls":11}," - "," - "," - "]
["4.14.","Автоматизация и диспетчеризация ИТП","прокладка кабеля КВВНнг",{"$nulls":3},{"$f":"SUM(G436)","v":{"v":829.4,"d":"829.40"}},{"$nulls":11}," - "," - "," - "]
[null,null,"комплекс","м",{"v":715,"d":"715.00"},1.16,{"v":829.4,"d":"829.40"},{"$nulls":11}," - "," - "," - "]
["4.15.","Индивидуальный тепловой пункт. Узел учета тепла","прокладка кабеля ",{"$nulls":3},{"$f":"SUM(G438)","v":{"v":163.5,"d":"163.50"}},{"$nulls":11}," - "," - "," - "]
[null,null,"комплекс","м",{"v":75,"d":"75.00"},2.18,{"v":163.5,"d":"163.50"},{"$nulls":11}," - "," - "," - "]
["4.16.","Дренажная насосная станция, в том числе:",{"$nulls":4},{"$f":"SUM(G440)","v":419.79},{"$nulls":11}," - "," - "," - "]
["4.16.1.","Сантехнические работы","трубы стальные","м",{"v":10.5,"d":"10.50"},39.98,419.79,{"$nulls":11}," - "," - "," - "]
[null,null,"насос","шт",{"v":2,"d":"2.00"},{"$nulls":13}," - "," - "," - "]
[null,null,"колодец","шт",{"v":1,"d":"1.00"},{"$nulls":13}," - "," - "," - "]
["4.17.","Автоматизация дренажной насосной станции","прокладка кабеля",{"$nulls":3},{"$f":"SUM(G444)","v":{"v":76.8,"d":"76.80"}},{"$nulls":11}," - "," - "," - "]
[null,null,"комплекс","м",{"v":120,"d":"120.00"},0.64,{"v":76.8,"d":"76.80"},{"$nulls":11}," - "," - "," - "]
["4.18.","Охранно-защитная дератизационная система","прокладка кабеля",{"$nulls":3},{"$f":"SUM(G446)","v":{"v":261.3,"d":"261.30"}},{"$nulls":11}," - "," - "," - "]
[null,null,"комплекс","м",{"v":390,"d":"390.00"},0.67,{"v":261.3,"d":"261.30"},{"$nulls":11}," - "," - "," - "]
["4.19.","Объекты энергетического хозяйства, в том числе:",{"$nulls":4},{"$f":"SUM(G448)","v":{"v":163.3,"d":"163.30"}},{"$nulls":11}," - "," - "," - "]
["4.19.1.","Электроснабжение (кабельные линии 0,4 кВ)","прокладка кабеля АПвзБбШп ","м",{"v":142,"d":"142.00"},1.15,{"v":163.3,"d":"163.30"},{"$nulls":11}," - "," - "," - "]
["4.20.","Объекты транспортного хозяйства и связи, в том числе:",{"$nulls":4},{"$f":"SUM(G450:G452)","v":{"v":140.14000000000001,"d":"140.14"}},{"$nulls":11}," - "," - "," - "]
["4.20.1.","Сети связи","разработка грунта с перевоз-кой и частичной засыпкой песком","м3",{"v":51,"d":"51.00"},{"v":0.7,"d":"0.70"},{"v":35.7,"d":"35.70"},{"$nulls":11}," - "," - "," - "]
[null,null,"прокладка труб ПЭ ","м",{"v":62,"d":"62.00"},{"v":0.3,"d":"0.30"},{"v":18.6,"d":"18.60"},{"$nulls":11}," - "," - "," - "]
[null,null,"устройство колодцев ","шт.",{"v":2,"d":"2.00"},42.92,85.84,{"$nulls":11}," - "," - "," - "]
["4.21.","Наружные сети и сооружения, в том числе:",{"$nulls":4},{"$f":"SUM(G454)","v":{"v":2181.82,"d":"2,181.82"}},{"$nulls":11}," - "," - "," - "]
["4.21.1.","Дренаж","трубы НПВХ и чугунные","м",{"v":86,"d":"86.00"},25.37,{"v":2181.82,"d":"2,181.82"},{"$nulls":11}," - "," - "," - "]
[null,null,"колодец КК10.20","шт",{"v":3,"d":"3.00"},{"$nulls":13}," - "," - "," - "]
["4.22.","Тепломеханические решения тепловых сетей, в том числе:",{"$nulls":4},{"$f":"SUM(G457:G464)","v":{"v":11227.9,"d":"11,227.90"}},{"$nulls":11}," - "," - "," - "]
[null,null,"разработка грунта с перевоз-кой и частичной засыпкой песком, водоотлив","м3",{"v":3311,"d":"3311.00"},{"v":1.2,"d":"1.20"},{"v":3973.2,"d":"3,973.20"},{"$nulls":11}," - "," - "," - "]
[null,null,"металлические крепления","м",{"v":584,"d":"584.00"},3.05,{"v":1781.2,"d":"1,781.20"},{"$nulls":11}," - "," - "," - "]
[null,null,"трубопроводы (ППУ)","м",{"v":404,"d":"404.00"},{"v":5.3,"d":"5.30"},{"v":2141.2,"d":"2,141.20"},{"$nulls":11}," - "," - "," - "]
[null,null,"водовыпуск Ф200мм","м",{"v":33,"d":"33.00"},4.01,132.33,{"$nulls":11}," - "," - "," - "]
[null,null,"трасса (ППУ. Узлы). Бетон М150-350 (W6)","м3",{"v":17.5,"d":"17.50"},34.66,606.55,{"$nulls":11}," - "," - "," - "]
[null,null,"трасса (ППУ. Каналы). Бетон М150-350 (W6).","м3",{"v":37.9,"d":"37.90"},31.83,{"v":1206.36,"d":"1,206.36"},{"$nulls":11}," - "," - "," - "]
[null,null,"монтажные часть (ППУ)","тн",{"v":0.35184,"d":"0.35"},2876.82,{"v":1012.18,"d":"1,012.18"},{"$nulls":11}," - "," - "," - "]
[null,null,"Оборудование (ППУ)","шт.",{"v":16,"d":"16.00"},23.43,374.88,{"$nulls":11}," - "," - "," - "]
["4.23.","Контроль ППУ изоляции тепловых сетей, в том числе:",{"$nulls":4},{"$f":"SUM(G466:G469)","v":220.94},{"$nulls":11}," - "," - "," - "]
[null,null,"прокладка трубопроводов Ф=50мм и кабеля в трубопроводе","м",{"v":75,"d":"75.00"},1.11,83.25,{"$nulls":11}," - "," - "," - "]
[null,null,"оборудование",{"$nulls":3},28.29,{"$nulls":11}," - "," - "," - "]
[null,null,"материалы",{"$nulls":3},87.75,{"$nulls":11}," - "," - "," - "]
[null,null,"устройство ковера","шт",{"v":5,"d":"5.00"},4.33,21.65,{"$nulls":11}," - "," - "," - "]
["4.24.","Наружные сети водоснабжения, в том числе:",{"$nulls":4},{"$f":"SUM(G471:G478)","v":{"v":2497.94,"d":"2,497.94"}},{"$nulls":11}," - "," - "," - "]
[null,null,"разработка грунта с перевоз-кой и засыпкой песком, водоотлив","м3",{"v":1142,"d":"1142.00"},1.27,{"v":1450.34,"d":"1,450.34"},{"$nulls":11}," - "," - "," - "]
[null,null,"металоконструкции","м",{"v":156,"d":"156.00"},3.17,494.52,{"$nulls":11}," - "," - "," - "]
[null,null,"трубопроводы чугунные","м",{"v":113,"d":"113.00"},1.31,148.03,{"$nulls":11}," - "," - "," - "]
[null,null,"врезка ф100 мм","шт",{"v":1,"d":"1.00"},4.46,4.46,{"$nulls":11}," - "," - "," - "]
[null,null,"трубопроводы в стальном футляре Ф300мм","м",{"v":32.5,"d":"32.50"},3.76,{"v":122.2,"d":"122.20"},{"$nulls":11}," - "," - "," - "]
[null,null,"чугунные фасонные части","тн",0.25,{"v":405.2,"d":"405.20"},{"v":101.3,"d":"101.30"},{"$nulls":11}," - "," - "," - "]
[null,null,"задвижки бесколодезные","шт",{"v":2,"d":"2.00"},66.74,133.48,{"$nulls":11}," - "," - "," - "]
[null,null,"основание","м3",4.23,10.31,43.61,{"$nulls":11}," - "," - "," - "]
["4.25.","Наружные сети канализации, в том числе:",{"$nulls":4},{"$f":"SUM(G480:G486)","v":{"v":13626.64,"d":"13,626.64"}},{"$nulls":11}," - "," - "," - "]
[null,null,"разработка грунта с перевоз-кой и засыпкой песком, водоотлив","м3",{"v":2127,"d":"2127.00"},1.53,{"v":3254.31,"d":"3,254.31"},{"$nulls":11}," - "," - "," - "]
[null,null,"металоконструкции","м",{"v":2786.4,"d":"2786.40"},3.17,{"v":8832.89,"d":"8,832.89"},{"$nulls":11}," - "," - "," - "]
[null,null,"трубопроводы из труб ВЧШГ","м",{"v":167,"d":"167.00"},2.24,374.08,{"$nulls":11}," - "," - "," - "]
[null,null,"основание","м3",2.55,3.39,8.64,{"$nulls":11}," - "," - "," - "]
[null,null,"обоймы М200","м3",0.42,{"v":14.9,"d":"14.90"},6.26,{"$nulls":11}," - "," - "," - "]
[null,null,"Камеры","шт.",{"v":6,"d":"6.00"},{"v":111.6,"d":"111.60"},{"v":669.6,"d":"669.60"},{"$nulls":11}," - "," - "," - "]
[null,null,"Камера К-7/К-0","м3",10.31,46.64,480.86,{"$nulls":11}," - "," - "," - "]
["4.26.","Благоустройство и озеленение, в том числе:",{"$nulls":4},{"$f":"SUM(G488:G491)","v":{"v":313,"d":"313.00"}},{"$nulls":11}," - "," - "," - "]
["4.26.1.","Дороги и тротуары","разработка грунта с перевоз-кой и устройством насыпей ","м3",{"v":575,"d":"575.00"},0.34,{"v":195.5,"d":"195.50"},{"$nulls":11}," - "," - "," - "]
[null,null,"устройство тротуаров(песок 30см, щебень 15см, а/б тип1 5см, а/б тип Д 3см.)","м2",{"v":34,"d":"34.00"},1.35,{"v":45.9,"d":"45.90"},{"$nulls":11}," - "," - "," - "]
[null,null,"устройство отмостки (песок 25см, бетон В15 8-15см, а/б тип Л 3см)","м2",{"v":24,"d":"24.00"},1.48,35.52,{"$nulls":11}," - "," - "," - "]
[null,null,"устройство бортового камня","м",{"v":44,"d":"44.00"},0.82,36.08,{"$nulls":11}," - "," - "," - "]
["4.27.","Озеленение и устройство газона",{"$nulls":4},{"$f":"SUM(G493)","v":{"v":963,"d":"963.00"}},{"$nulls":11}," - "," - "," - "]
[null,null,"газон и уход","м2",{"v":2140,"d":"2140.00"},0.45,{"v":963,"d":"963.00"},{"$nulls":11}," - "," - "," - "]
["4.28.","Прочие работы и затраты",{"$nulls":4},{"$f":"SUM(G495:G498)","v":{"v":4372.2,"d":"4,372.20"}},{"$nulls":11}," - "," - "," - "]
["4.28.1.","Временные здания и сооружения",{"$nulls":4},{"v":2138.72,"d":"2,138.72"},{"$nulls":11}," - "," - "," - "]
["4.28.2.","Зимнее удорожание",{"$nulls":4},{"v":1518.94,"d":"1,518.94"},{"$nulls":11}," - "," - "," - "]
["4.28.3.","Страхование объекта",{"$nulls":4},584.21,{"$nulls":11}," - "," - "," - "]
["4.28.4.","Пуско-наладочные работы",{"$nulls":4},130.33,{"$nulls":11}," - "," - "," - "]
[]
["5.","Канализационная насосная станция №2 (КНС №2) с аварийно-регулирующим резервуаром № 2 (АРР №2), включая напорные трубопроводы",null,"\n\n",null,null,{"$f":"SUM(G501,G504,G517,G519,G521,G524,G529)","v":{"v":314581.27711666987,"d":"314,581.28"}},{"$nulls":11}," - "," - "," - "]
["5.1.","Подготовка территории строительства, в том числе:",{"$nulls":4},{"$f":"SUM(G502:G503)","v":{"v":423.96799999999996,"d":"423.97"}},{"$nulls":11}," - "," - "," - "]
["5.1.1.","Снос строений","мет. забор h=2 м, L-194,2 м, трансформатор","м",{"v":192.2,"d":"192.20"},{"v":1.291183838321176,"d":"1.29"},{"v":247.938,"d":"247.94"},{"$nulls":11}," - "," - "," - "]
["5.1.2.","Вырубка и пересадка","деревья 350 шт, кустарники -257","шт","350\n257",{"v":0.29492071811287773,"d":"0.29"},176.03,{"$nulls":11}," - "," - "," - "]
["5.2.","Здание КНС №2 с АРР №2, включая напорные трубопроводы, в том числе:",null,"\n",null,null,{"$f":"SUM(G505:G516)","v":{"v":174870.0645360895,"d":"174,870.06"}},{"$nulls":11}," - "," - "," - "]
["5.2.1.","Ж/бетонные и металлические конструкции КНС","шпунт Ларсен Л-4\nкрепл. скважин\nЖБК монолит\nметалл","м\nм\nм3\nтн","9950,4\n120,96\n661,8\n51,75",{"v":58.44627399405339,"d":"58.45"},{"v":38682.21,"d":"38,682.21"},{"$nulls":11}," - "," - "," - "]
["5.2.2.","Железобетонные конструкции. Аварийно-регулирующий резервуар","шпунт Ларсен Л-4\nземля, засыпка песком\nЖБК монолит\nметалл\nа/бетон","м\nм3\nм3\nтн\nм3","7937,3\n7184\n1497,43\n2,1\n33,33",{"v":34.94380118111491,"d":"34.94"},{"v":52320.2042,"d":"52,320.20"},{"$nulls":11}," - "," - "," - "]
["5.2.3.","Железобетонные и металлические конструкции. (электрощитовая)","земля, засыпка песком \nЖБК монолит\nметалл","м3\nм3\nтн","469\n101\n2,081",{"v":18.78044679764585,"d":"18.78"},{"v":1896.7800000000002,"d":"1,896.78"},{"$nulls":11}," - "," - "," - "]
["5.2.4.","Архитектурные решения (электрощитовая)","утепл. наружн. стен.\nоблиц. здания искуств.камнем","м2","114,8\n45,3",{"v":5.563394307846796,"d":"5.56"},{"v":890.156,"d":"890.16"},{"$nulls":11}," - "," - "," - "]
["5.2.5.","Конструкции Ж/Б. Подпорная стенка","земля, засыпка песком\nЖБК монолит\nоблиц. искуст. камнем","м3\nм3\nм2","2301\n509,4\n615,2",{"v":26.119817622809727,"d":"26.12"},{"v":13305.528,"d":"13,305.53"},{"$nulls":11}," - "," - "," - "]
["5.2.6.","Технологическое оборудование","насосы\nзатворы\nзадвижки\nтрубопроводы","шт\nшт\nшт\nм","4\n11\n18\n195",{"v":200.6963607765689,"d":"200.70"},{"v":39136.5,"d":"39,136.50"},{"$nulls":11}," - "," - "," - "]
["5.2.7.","Вентиляция",null,"объект",{"v":1,"d":"1.00"},{"v":3550.1872011044525,"d":"3550.19"},{"v":3550.19,"d":"3,550.19"},{"$nulls":11}," - "," - "," - "]
["5.2.8.","Внутренние сети связи и охранно-пожарная сигнализация","системы оповещения\nохранной сигнализации\nпож.  сигнализации\nвидеонаблюдения","объект",{"v":1,"d":"1.00"},{"v":1136.7102883183281,"d":"1136.71"},{"v":1136.7102883183281,"d":"1,136.71"},{"$nulls":11}," - "," - "," - "]
["5.2.9.","Автоматизация вентсистем",null,"объект",{"v":1,"d":"1.00"},{"v":109.573367924624,"d":"109.57"},109.57,{"$nulls":11}," - "," - "," - "]
["5.2.10.","Силовое электрооборудование",null,"объект",{"v":1,"d":"1.00"},{"v":15664.66840455806,"d":"15664.67"},{"v":15664.66840455806,"d":"15,664.67"},{"$nulls":11}," - "," - "," - "]
["5.2.11.","Внутреннее электроосвещение",null,"объект",{"v":1,"d":"1.00"},{"v":638.6529615063899,"d":"638.65"},{"v":638.6529615063899,"d":"638.65"},{"$nulls":11}," - "," - "," - "]
["5.2.12.","АСУТП","оборудование КИП\nдиспетчеризация","объект",{"v":1,"d":"1.00"},{"v":7538.8946817066935,"d":"7538.89"},{"v":7538.8946817066935,"d":"7,538.89"},{"$nulls":11}," - "," - "," - "]
["5.3.","Сети электроснабжения",{"$nulls":4},{"$f":"SUM(G518)","v":{"v":3999.1,"d":"3,999.10"}},{"$nulls":11}," - "," - "," - "]
["5.3.1.","Электроснабжение КНС (кабельные линии 0,4 кВ)","кабель","м",{"v":2758,"d":"2758.00"},{"v":1.4504592681396589,"d":"1.45"},{"v":3999.1,"d":"3,999.10"},{"$nulls":11}," - "," - "," - "]
["5.4.","Сети связи",{"$nulls":4},{"$f":"SUM(G520)","v":643.68},{"$nulls":11}," - "," - "," - "]
["5.4.1.","Сети связи","труба двухстен гофр. 110мм\nколодцы","м\nшт","432\n9",{"v":1.4874362321454204,"d":"1.49"},643.68,{"$nulls":11}," - "," - "," - "]
["5.5.","Наружные сети канализации",{"$nulls":4},{"$f":"SUM(G522:G523)","v":{"v":107564.12999999999,"d":"107,564.13"}},{"$nulls":11}," - "," - "," - "]
["5.5.1.","Наружные сети канализации (напорная)","труба ВЧШГ 600 мм\nкамеры","м\nшт","3683\n7",{"v":23.037829269315413,"d":"23.04"},{"v":84856.31999999999,"d":"84,856.32"},{"$nulls":11}," - "," - "," - "]
["5.5.2.","Наружные сети канализации (самотечная)","труба\nкамеры\nметаллич.крепления (бурен.и крепл труб)","м\nшт\nм","139,5\n3\n1372,8",{"v":162.77902719729542,"d":"162.78"},{"v":22707.81,"d":"22,707.81"},{"$nulls":11}," - "," - "," - "]
["5.6.","Благоустройство и озеленение территории",{"$nulls":4},{"$f":"SUM(G525:G528)","v":{"v":5332.1392,"d":"5,332.14"}},{"$nulls":11}," - "," - "," - "]
["5.6.1.","Наружное электроосвещение","металлич.опоры","шт",{"v":7,"d":"7.00"},{"v":86.68198075322428,"d":"86.68"},606.76,{"$nulls":11}," - "," - "," - "]
["5.6.2.","Дороги, тротуары","проезж.часть\nотмостка\nбортовой камень","м2\nм2\nм","673\n188\n269",{"v":2.136623716473977,"d":"2.14"},{"v":1842.5400000000002,"d":"1,842.54"},{"$nulls":11}," - "," - "," - "]
["5.6.3.","Ограждение площадки КНС","металл.огражд h=2,5м","м",{"v":277,"d":"277.00"},{"v":2.5817741952259694,"d":"2.58"},714.66,{"$nulls":11}," - "," - "," - "]
["5.6.4.","Озеленение","деревья\nкустарники \nкуст.живая изгородь\nгазоны","шт\nшт\nм\nм2","13\n266\n20,1\n1505,68",{"v":1.4433424437703448,"d":"1.44"},{"v":2168.1792,"d":"2,168.18"},{"$nulls":11}," - "," - "," - "]
["5.7.","Прочие  работы и затраты",{"$nulls":4},{"$f":"SUM(G530:G533)","v":{"v":21748.195380580397,"d":"21,748.20"}},{"$nulls":11}," - "," - "," - "]
["5.7.1.","Временные здания и сооружения",{"$nulls":4},{"v":8847.881342037455,"d":"8,847.88"},{"$nulls":11}," - "," - "," - "]
["5.7.2.","Дополнительные затраты при производстве СМР в зимнее время",{"$nulls":4},{"v":6283.858464708076,"d":"6,283.86"},{"$nulls":11}," - "," - "," - "]
["5.7.3.","Пуско-наладочные работы ",{"$nulls":4},{"v":4199.586933562529,"d":"4,199.59"},{"$nulls":11}," - "," - "," - "]
["5.7.4.","Средства на покрытие затрат строительных организаций по добровольному страхованию ",{"$nulls":4},{"v":2416.868640272337,"d":"2,416.87"},{"$nulls":11}," - "," - "," - "]
[]
["6.","Ливнёвые очистные сооружения №2 (ЛОС №2)",null,"\n",null,null,{"$f":"SUM(G536,G538,G676,G687,G689,G692,G696,G711,G718,G724,G735,G748)","v":{"v":528429.9,"d":"528,429.90"}},{"$nulls":11}," - "," - "," - "]
["6.1.","Подготовка территории",{"$nulls":4},{"$f":"SUM(G537)","v":28.47},{"$nulls":11}," - "," - "," - "]
["6.1.1.","Вырубка и пересадка зелёных насаждений",{"$nulls":4},28.47,{"$nulls":11}," - "," - "," - "]
["6.2.","Локальные очистные сооружения",{"$nulls":4},{"$f":"SUM(G539,G558,G610,G621,G635,G650,G652,G655,G657,G665,G672,G674)","v":{"v":348850.54,"d":"348,850.54"}},{"$nulls":11}," - "," - "," - "]
["6.2.1.","Архитектурные решения, в том числе:",{"$nulls":4},{"$f":"SUM(G540:G557)","v":{"v":17491.110000000004,"d":"17,491.11"}},{"$nulls":11}," - "," - "," - "]
[null,"Стены наружние","теплоизоляция с штукатуркой","м2",{"v":262,"d":"262.00"},{"v":12.5,"d":"12.50"},{"v":3700,"d":"3,700.00"},{"$nulls":11}," - "," - "," - "]
[null,null,"окраска фасадной краской","м2",{"v":34,"d":"34.00"},{"$nulls":13}," - "," - "," - "]
[null,null,"облицовка искусственным камнем","м2",{"v":262,"d":"262.00"},{"$nulls":13}," - "," - "," - "]
[null,"Подпорные стенки","штукатурка по сетке","м2",{"v":756.2,"d":"756.20"},3.75,{"v":3424.5,"d":"3,424.50"},{"$nulls":11}," - "," - "," - "]
[null,null,"облицовка искусственным камнем с установко накрывочных элементов","м2",{"v":913.2,"d":"913.20"},{"$nulls":13}," - "," - "," - "]
[null,"Внутренние стены","армированая кладка стен из кирпича М100 на растворе М75","м3",{"v":108.7,"d":"108.70"},8.35,907.65,{"$nulls":11}," - "," - "," - "]
[null,"Отделочные работы","отделка стен и перегородок","м2",{"v":823.6,"d":"823.60"},3.29,{"v":3767.05,"d":"3,767.05"},{"$nulls":11}," - "," - "," - "]
[null,null,"штукатурка и окраска откосов в наружных проёмах","м2",{"v":20,"d":"20.00"},{"$nulls":13}," - "," - "," - "]
[null,null,"штукатурка и окраска откосов в проёмах внутренних стен и перегородок","м2",{"v":10.5,"d":"10.50"},{"$nulls":13}," - "," - "," - "]
[null,null,"потолки","м2",{"v":1145,"d":"1145.00"},{"$nulls":13}," - "," - "," - "]
[null,null,"покрытие пола","м2",{"v":821.8,"d":"821.80"},{"$nulls":13}," - "," - "," - "]
[null,"Кровельные материалы","двухслойное покрытие верхний слой - ИКОПАЛ ЭКП, нижний слой - ИКОПАЛ ЭПП+геотекстиль+утепление минераловатными плитами+армированная стяжка+стяжка цементно-песчаная толщиной 20 мм","м2",{"v":934,"d":"934.00"},5.76,{"v":5379.84,"d":"5,379.84"},{"$nulls":11}," - "," - "," - "]
[null,"Заполнение дверных проемов","двери марки ДГ","м2",5.52,5.93,108.22,{"$nulls":11}," - "," - "," - "]
[null,null,"противопожарные двери","м2",12.73,{"$nulls":13}," - "," - "," - "]
[null,"Ворота","ворота распашные с калиткой","шт",{"v":2,"d":"2.00"},78.74,157.48,{"$nulls":11}," - "," - "," - "]
[null,"Оконные блоки","ОКА-1","м2",4.86,5.11,24.83,{"$nulls":11}," - "," - "," - "]
[null,"Жалюзийные проемы","жалюзийный блок из алюминиевого профиля","т",0.04,{"v":97.5,"d":"97.50"},{"v":3.9,"d":"3.90"},{"$nulls":11}," - "," - "," - "]
[null,"Перемычки","2ПБ13-1","шт",{"v":14,"d":"14.00"},1.26,17.64,{"$nulls":11}," - "," - "," - "]
["6.2.2.","Конструкции Ж/Б и металлические (очистные, электрощитовая), в том числе:",null,"\n",null,null,{"$f":"SUM(G559:G609)","v":{"v":214737.20999999993,"d":"214,737.21"}},{"$nulls":11}," - "," - "," - "]
[null,"Земляные работы","разработка грунта с перевоз-кой и укреплением бермы","м3",{"v":12977,"d":"12977.00"},0.33,{"v":4282.41,"d":"4,282.41"},{"$nulls":11}," - "," - "," - "]
[null,"Котлован в шпунтовом креплении (№20)+пионерский","шпунт Ларсена","тн",1474.46,{"v":28.5,"d":"28.50"},{"v":42022.11,"d":"42,022.11"},{"$nulls":11}," - "," - "," - "]
[null,"Фундамент очистного сооружения"," бетон В25, W12","м3",{"v":240,"d":"240.00"},14.96,{"v":32531.87,"d":"32,531.87"},{"$nulls":11}," - "," - "," - "]
[null,null,"бетон В35","м3",1934.59,{"$nulls":13}," - "," - "," - "]
[null,null,"арматурная сталь","тн",403.92,{"$nulls":13}," - "," - "," - "]
[null,"Наружные стены","бетон В35","м3",1409.84,{"v":19.1,"d":"19.10"},{"v":26927.94,"d":"26,927.94"},{"$nulls":11}," - "," - "," - "]
[null,null,"арматурная сталь","тн",398.69,{"$nulls":13}," - "," - "," - "]
[null,null,"пенопекс, штукатурка","м2",{"v":227,"d":"227.00"},{"$nulls":13}," - "," - "," - "]
[null,null,"закладные детали","тн",{"v":0.332,"d":"0.33"},{"$nulls":13}," - "," - "," - "]
[null,null,"профиль Максжойнт В","м",{"v":263.4,"d":"263.40"},{"$nulls":13}," - "," - "," - "]
[null,"Внутренние стены","бетон В25 W12","м3",1398.87,20.96,{"v":29320.32,"d":"29,320.32"},{"$nulls":11}," - "," - "," - "]
[null,null,"арматурная сталь","тн",442.99,{"$nulls":13}," - "," - "," - "]
[null,null,"закладные детали","тн",{"v":1.2,"d":"1.20"},{"$nulls":13}," - "," - "," - "]
[null,null,"лестницы-стремянки","тн",2.82,{"$nulls":13}," - "," - "," - "]
[null,"Лоток","бетон В25, W12","м3",{"v":945,"d":"945.00"},7.22,{"v":6822.9,"d":"6,822.90"},{"$nulls":11}," - "," - "," - "]
[null,"Бетонная заливка","бетон ","м3",{"v":120.5,"d":"120.50"},4.96,597.68,{"$nulls":11}," - "," - "," - "]
[null,"Монолитное ж/б перекрытия на отметке -3,6","бетон В25 W12","м3",{"v":161.4,"d":"161.40"},14.89,{"v":2403.25,"d":"2,403.25"},{"$nulls":11}," - "," - "," - "]
[null,null,"арматурная сталь","тн",27.05,{"$nulls":13}," - "," - "," - "]
[null,"Приямки","бетон В25 W12","м3",0.36,{"v":467.5,"d":"467.50"},{"v":168.3,"d":"168.30"},{"$nulls":11}," - "," - "," - "]
[null,null,"арматурная сталь","тн",{"v":3.488,"d":"3.49"},{"$nulls":13}," - "," - "," - "]
[null,null,"закладные детали","тн",{"v":1.088,"d":"1.09"},{"$nulls":13}," - "," - "," - "]
[null,"Монолитное ж/б перекрытия на отметке -0,1, - 0,4","бетон В25 W12","м3",{"v":1132.4,"d":"1132.40"},19.17,{"v":21708.11,"d":"21,708.11"},{"$nulls":11}," - "," - "," - "]
[null,null,"арматурная сталь","тн",{"v":171.024,"d":"171.02"},{"$nulls":13}," - "," - "," - "]
[null,null,"металлоконструкции","тн",{"v":19.844,"d":"19.84"},{"$nulls":13}," - "," - "," - "]
[null,null,"закладные детали","тн",4.02,{"$nulls":13}," - "," - "," - "]
[null,null,"а/б тех.площадка","м3",{"v":63,"d":"63.00"},{"$nulls":13}," - "," - "," - "]
[null,"Монолитная ж/б балка перекрытия (отм. -0,1 по оси 5)","бетон В35 W12","м3",{"v":31.9,"d":"31.90"},20.14,642.47,{"$nulls":11}," - "," - "," - "]
[null,null,"арматурная сталь","тн",{"v":4.386,"d":"4.39"},{"$nulls":13}," - "," - "," - "]
[null,"Площадка обезвоживания осадка","бетон В35 W12","м3",{"v":50,"d":"50.00"},31.56,{"v":1578,"d":"1,578.00"},{"$nulls":11}," - "," - "," - "]
[null,null,"арматурая сталь","тн",{"v":7.068,"d":"7.07"},{"$nulls":13}," - "," - "," - "]
[null,null,"пеноплекс","м2",{"v":215,"d":"215.00"},{"$nulls":13}," - "," - "," - "]
[null,"Электрощитовая","каркас","тн",{"v":0.421,"d":"0.42"},175.72,312.96,{"$nulls":11}," - "," - "," - "]
[null,null,"лестницы-стремянки","тн",{"v":0.025,"d":"0.03"},{"$nulls":13}," - "," - "," - "]
[null,null,"металлоконструкции","тн",{"v":1.335,"d":"1.34"},{"$nulls":13}," - "," - "," - "]
[null,"Наружные стены (от отм. -0,1 до отм. 8,62)","бетон В25 W12","м3",{"v":998,"d":"998.00"},16.53,{"v":16496.94,"d":"16,496.94"},{"$nulls":11}," - "," - "," - "]
[null,null,"арматурная сталь","тн",{"v":120.104,"d":"120.10"},{"$nulls":13}," - "," - "," - "]
[null,null,"пенопекс, штукатурка","м2",{"v":602,"d":"602.00"},{"$nulls":13}," - "," - "," - "]
[null,null,"закладные детали","тн",{"v":0.94645,"d":"0.95"},{"$nulls":13}," - "," - "," - "]
[null,null,"профиль Максджоинт","м",{"v":204,"d":"204.00"},{"$nulls":13}," - "," - "," - "]
[null,null,"обойма бетон В15 W8","м3",{"v":5,"d":"5.00"},{"$nulls":13}," - "," - "," - "]
[null,null,"дренаж (щебень + песок)","м3",{"v":50,"d":"50.00"},{"$nulls":13}," - "," - "," - "]
[null,"Внутренний каркас  (оси 1-5; А-Ж)","бетон В25 W6","м3",{"v":81.3,"d":"81.30"},21.01,{"v":1708.11,"d":"1,708.11"},{"$nulls":11}," - "," - "," - "]
[null,null,"арматурная сталь","тн",{"v":21.624,"d":"21.62"},{"$nulls":13}," - "," - "," - "]
[null,"Покрытие (оси 1-5; А-Ж)","плиты перекрытия","шт",{"v":104,"d":"104.00"},57.44,{"v":5973.76,"d":"5,973.76"},{"$nulls":11}," - "," - "," - "]
[null,null,"пеноплекс","м3",{"v":106.8,"d":"106.80"},{"$nulls":13}," - "," - "," - "]
[null,null,"покрытие спортплощадки (стяжка по сетке, гидроизоляция, покрытие Тэпинг)","м2",{"v":1068,"d":"1068.00"},{"$nulls":13}," - "," - "," - "]
[null,"Металлические площадки (оси 1-5;          А-Ж) и наружное металлическое ограждение","металлоконструкции","тн",{"v":28.776,"d":"28.78"},78.33,{"v":2254.02,"d":"2,254.02"},{"$nulls":11}," - "," - "," - "]
[null,null,"грунтовка металлоконструкций","м2",{"v":795,"d":"795.00"},{"$nulls":13}," - "," - "," - "]
[null,null,"окраска металлоконструкций","м2",{"v":795,"d":"795.00"},{"$nulls":13}," - "," - "," - "]
[null,"Монтаж ж/б конструкции (доп.)","смесь сухая","тн",{"v":395,"d":"395.00"},{"v":24,"d":"24.00"},{"v":9480,"d":"9,480.00"},{"$nulls":11}," - "," - "," - "]
[null,"Подмости для сооружения стен и перекрытий","монтаж, демонтаж конструкций"," тн",{"v":266.5,"d":"266.50"},35.67,{"v":9506.06,"d":"9,506.06"},{"$nulls":11}," - "," - "," - "]
["6.2.3.","Конструктивные решения. Подпорная стенка, в том числе:",{"$nulls":4},{"$f":"SUM(G611:G620)","v":{"v":13301,"d":"13,301.00"}},{"$nulls":11}," - "," - "," - "]
[null,"Земляные работы (подпорная стена)","разработка грунта с погрузкой и вывозом","м3",{"v":1080,"d":"1080.00"},1.08,{"v":1166.4,"d":"1,166.40"},{"$nulls":11}," - "," - "," - "]
[null,"Подпорная стенка","основание из песка","м3",{"v":90,"d":"90.00"},14.62,{"v":12134.6,"d":"12,134.60"},{"$nulls":11}," - "," - "," - "]
[null,null,"подготовка из бетона В7,5","м3",{"v":45,"d":"45.00"},{"$nulls":13}," - "," - "," - "]
[null,null,"обмазочная изоляция битумом с защитой цементным раствором","м2",{"v":480,"d":"480.00"},{"$nulls":13}," - "," - "," - "]
[null,null,"бетон В35 W6","м3",{"v":830,"d":"830.00"},{"$nulls":13}," - "," - "," - "]
[null,null,"арматурная сталь","тн",56.44,{"$nulls":13}," - "," - "," - "]
[null,null,"изоляция стен битумом БН-IV","м2",{"v":1220,"d":"1220.00"},{"$nulls":13}," - "," - "," - "]
[null,null,"труба диаметром 50мм","м",{"v":16,"d":"16.00"},{"$nulls":13}," - "," - "," - "]
[null,null,"щебень 10-25мм","м3",{"v":45,"d":"45.00"},{"$nulls":13}," - "," - "," - "]
[null,null,"песок","м3",{"v":45,"d":"45.00"},{"$nulls":13}," - "," - "," - "]
["6.2.4.","Технологическое оборудование, в том числе:",{"$nulls":4},{"$f":"SUM(G622:G634)","v":{"v":91840.02000000002,"d":"91,840.02"}},{"$nulls":11}," - "," - "," - "]
[null,"Подземная часть","оборудование",{"$nulls":3},{"v":7754.66,"d":"7,754.66"},{"$nulls":11}," - "," - "," - "]
[null,null,"трубопроводы","м",{"v":106,"d":"106.00"},10.11,{"v":1071.66,"d":"1,071.66"},{"$nulls":11}," - "," - "," - "]
[null,null,"фасонные части (отводы, тройники, переходы)","шт",{"v":22,"d":"22.00"},{"$nulls":13}," - "," - "," - "]
[null,null,"грунтовка металлоконструкций","м2",{"v":180,"d":"180.00"},{"$nulls":13}," - "," - "," - "]
[null,null,"окраска металлоконструкций","м2",{"v":180,"d":"180.00"},{"$nulls":13}," - "," - "," - "]
[null,"Надземная часть","оборудование",{"$nulls":3},{"v":77478.88,"d":"77,478.88"},{"$nulls":11}," - "," - "," - "]
[null,null,"трап ТР-50","шт",{"v":1,"d":"1.00"},5.82,{"v":5534.82,"d":"5,534.82"},{"$nulls":11}," - "," - "," - "]
[null,null,"трубопроводы","м ",{"v":951,"d":"951.00"},{"$nulls":13}," - "," - "," - "]
[null,null,"фасонные части (тройники, отводы, переходы)","шт",{"v":405,"d":"405.00"},{"$nulls":13}," - "," - "," - "]
[null,null,"заглушка фланцевая","шт",{"v":11,"d":"11.00"},{"$nulls":13}," - "," - "," - "]
[null,null,"фланцы с прокладками под фланец","шт",{"v":743,"d":"743.00"},{"$nulls":13}," - "," - "," - "]
[null,null,"опоры трубопроводов (бетон В22,5)","м3",{"v":2.5,"d":"2.50"},{"$nulls":13}," - "," - "," - "]
[null,null,"окраска трубопроводов эмалью ПФ-115","м2",{"v":1020,"d":"1020.00"},{"$nulls":13}," - "," - "," - "]
["6.2.5.","Отопление и вентиляция, в том числе:",{"$nulls":4},{"$f":"SUM(G636:G649)","v":{"v":1824.3799999999999,"d":"1,824.38"}},{"$nulls":11}," - "," - "," - "]
[null,"Вентиляция","оборудование",{"$nulls":3},389.14,{"$nulls":11}," - "," - "," - "]
[null,null,"воздуховоды из оцинкованной стали","п.м/м2","134/265,32",3.35,{"v":448.9,"d":"448.90"},{"$nulls":11}," - "," - "," - "]
[null,null,"решетки для воздуховодов","шт",{"v":12,"d":"12.00"},{"$nulls":13}," - "," - "," - "]
[null,null,"дверь герметическая утепленная","шт",{"v":1,"d":"1.00"},{"$nulls":13}," - "," - "," - "]
[null,null,"воздухозаборная решетка","шт",{"v":1,"d":"1.00"},{"$nulls":13}," - "," - "," - "]
[null,null,"шумоглушитель","шт",{"v":2,"d":"2.00"},{"$nulls":13}," - "," - "," - "]
[null,"Отопление","оборудование",{"$nulls":3},510.34,{"$nulls":11}," - "," - "," - "]
[null,null,"радиатор биметаллический","шт",{"v":5,"d":"5.00"},{"v":1.7,"d":"1.70"},{"v":476,"d":"476.00"},{"$nulls":11}," - "," - "," - "]
[null,null,"панельные радиаторы","шт",{"v":15,"d":"15.00"},{"$nulls":13}," - "," - "," - "]
[null,null,"трубопроводы с изоляцией Термофлекс","м",{"v":280,"d":"280.00"},{"$nulls":13}," - "," - "," - "]
[null,null,"трубный распределитель","шт",{"v":2,"d":"2.00"},{"$nulls":13}," - "," - "," - "]
[null,null,"клапан с отводом, соединительная трубка, термостатический элемент","шт",{"v":76,"d":"76.00"},{"$nulls":13}," - "," - "," - "]
[null,null,"автоматический воздухоотводчик","шт",{"v":6,"d":"6.00"},{"$nulls":13}," - "," - "," - "]
[null,null,"шаровый кран полнопроходный","шт",{"v":4,"d":"4.00"},{"$nulls":13}," - "," - "," - "]
["6.2.6.","Автоматизация вентсистем, в том числе:",{"$nulls":4},{"$f":"SUM(G651)","v":{"v":51.7,"d":"51.70"}},{"$nulls":11}," - "," - "," - "]
[null,null,"прокладка провода МКШ","м",{"v":235,"d":"235.00"},0.22,{"v":51.7,"d":"51.70"},{"$nulls":11}," - "," - "," - "]
["6.2.7.","Силовое электрооборудование, в том числе:",{"$nulls":4},{"$f":"SUM(G653:G654)","v":{"v":6499.26,"d":"6,499.26"}},{"$nulls":11}," - "," - "," - "]
[null,null,"оборудование",{"$nulls":3},{"v":1480.96,"d":"1,480.96"},{"$nulls":11}," - "," - "," - "]
[null,null,"прокладка кабеля ВВГнг-LS","м",{"v":7490,"d":"7490.00"},0.67,{"v":5018.3,"d":"5,018.30"},{"$nulls":11}," - "," - "," - "]
["6.2.8.","Внутреннее электроосвещение",{"$nulls":4},{"$f":"SUM(G656)","v":{"v":1628.4,"d":"1,628.40"}},{"$nulls":11}," - "," - "," - "]
[null,null,"прокладка кабеля ВВГнг-LS","м",{"v":920,"d":"920.00"},1.77,{"v":1628.4,"d":"1,628.40"},{"$nulls":11}," - "," - "," - "]
["6.2.9.","Внутренние сети связи и охранно-пожарная сигнализация, в том числе:",null,"\n",null,null,{"$f":"SUM(G658:G664)","v":888.59},{"$nulls":11}," - "," - "," - "]
[null,null,"оборудование",{"$nulls":3},313.39,{"$nulls":11}," - "," - "," - "]
[null,null,"прокладка провода телефонного ТРП","м",{"v":60,"d":"60.00"},0.38,{"v":22.8,"d":"22.80"},{"$nulls":11}," - "," - "," - "]
[null,null,"установка радиоприемника ","шт.",{"v":2,"d":"2.00"},5.35,{"v":10.7,"d":"10.70"},{"$nulls":11}," - "," - "," - "]
[null,null,"прокладка кабеля для устройства пожарной сигнализации","м",{"v":395,"d":"395.00"},0.64,{"v":252.8,"d":"252.80"},{"$nulls":11}," - "," - "," - "]
[null,null,"прокладка кабеля для устройства оповещения","м",{"v":100,"d":"100.00"},0.19,{"v":19,"d":"19.00"},{"$nulls":11}," - "," - "," - "]
[null,null,"прокладка кабеля для устройства охранной сигнализации и контроля доступа","м",{"v":755,"d":"755.00"},{"v":0.3,"d":"0.30"},{"v":226.5,"d":"226.50"},{"$nulls":11}," - "," - "," - "]
[null,null,"прокладка кабеля для устройства видеонаблюдения","м",{"v":70,"d":"70.00"},0.62,{"v":43.4,"d":"43.40"},{"$nulls":11}," - "," - "," - "]
["6.2.10.","Внутренние устройства (водопровод, канализация), в том числе:",{"$nulls":4},{"$f":"SUM(G666:G671)","v":349.22},{"$nulls":11}," - "," - "," - "]
[null,null,"холодное водоснабжение из ст.оцинк.труб","м",{"v":61,"d":"61.00"},1.66,101.26,{"$nulls":11}," - "," - "," - "]
[null,null,"водомерный узел Ф25мм","шт",{"v":1,"d":"1.00"},40.34,40.34,{"$nulls":11}," - "," - "," - "]
[null,null,"горячее водоснабжение из ст.оцинк.труб","м",{"v":2,"d":"2.00"},11.35,{"v":22.7,"d":"22.70"},{"$nulls":11}," - "," - "," - "]
[null,null,"канализация из чугунных (4м) и полиэтиленовых труб","м",{"v":15,"d":"15.00"},3.38,{"v":50.7,"d":"50.70"},{"$nulls":11}," - "," - "," - "]
[null,null,"водосток из чугунных труб Ф100мм","м",{"v":40,"d":"40.00"},2.57,{"v":102.8,"d":"102.80"},{"$nulls":11}," - "," - "," - "]
[null,null,"сантехника (умывальник и унитаз)","шт",{"v":2,"d":"2.00"},15.71,31.42,{"$nulls":11}," - "," - "," - "]
["6.2.11.","Автоматизация узла учёта холодной воды для ВРУ,\nв том числе:",{"$nulls":4},{"$f":"SUM(G673)","v":131.35},{"$nulls":11}," - "," - "," - "]
[null,null,"прокладка провода ПВ3 и кабеля ВВГнг-LS","м",{"v":185,"d":"185.00"},0.71,131.35,{"$nulls":11}," - "," - "," - "]
["6.2.12.","Автоматизация системы отопления,\nв том числе:",{"$nulls":4},{"$f":"SUM(G675)","v":{"v":108.3,"d":"108.30"}},{"$nulls":11}," - "," - "," - "]
[null,null,"прокладка провода ПВ3 и кабеля ВВГнг-LS","м",{"v":30,"d":"30.00"},3.61,{"v":108.3,"d":"108.30"},{"$nulls":11}," - "," - "," - "]
["6.3.","Индивидуальный тепловой пункт",{"$nulls":4},{"$f":"SUM(G677,G679,G681,G684)","v":{"v":14258.05,"d":"14,258.05"}},{"$nulls":11}," - "," - "," - "]
["6.3.1.","ИТП",{"$nulls":4},{"$f":"SUM(G678)","v":{"v":2894.55,"d":"2,894.55"}},{"$nulls":11}," - "," - "," - "]
[null,null,"комплекс","шт",{"v":1,"d":"1.00"},2894.55,{"v":2894.55,"d":"2,894.55"},{"$nulls":11}," - "," - "," - "]
["6.3.2.","Внутреннее электроосвещение ИТП",{"$nulls":4},{"$f":"SUM(G680)","v":{"v":144,"d":"144.00"}},{"$nulls":11}," - "," - "," - "]
[null,null,"прокладка кабеля ВВГнг-LS","м",{"v":40,"d":"40.00"},{"v":3.6,"d":"3.60"},{"v":144,"d":"144.00"},{"$nulls":11}," - "," - "," - "]
["6.3.3.","Силовое электрооборудование ИТП, в том числе:",{"$nulls":4},{"$f":"SUM(G682:G683)","v":706.26},{"$nulls":11}," - "," - "," - "]
[null,null,"оборудование",{"$nulls":3},361.96,{"$nulls":11}," - "," - "," - "]
[null,null,"прокладка кабеля ВВГнг-LS","м",{"v":105,"d":"105.00"},3.28,{"v":344.3,"d":"344.30"},{"$nulls":11}," - "," - "," - "]
["6.3.4.","АСУТП, в том числе:",{"$nulls":4},{"$f":"SUM(G685:G686)","v":{"v":10513.24,"d":"10,513.24"}},{"$nulls":11}," - "," - "," - "]
[null,null,"оборудование",{"$nulls":3},{"v":8351.24,"d":"8,351.24"},{"$nulls":11}," - "," - "," - "]
[null,null,"прокладка провода ПВ3 и кабеля ВВГнг-LS","м",{"v":4600,"d":"4600.00"},0.47,{"v":2162,"d":"2,162.00"},{"$nulls":11}," - "," - "," - "]
["6.4.","Электроснабжение ЛОС №2  ",{"$nulls":4},{"$f":"SUM(G688)","v":495.04},{"$nulls":11}," - "," - "," - "]
[null,null,"прокладка кабеля АПвзБбШп ","м",{"v":416,"d":"416.00"},1.19,495.04,{"$nulls":11}," - "," - "," - "]
["6.5.","ТП-2 (2БКТП-1000 кВа), в том числе:",{"$nulls":4},{"$f":"SUM(G690:G691)","v":{"v":12820.15,"d":"12,820.15"}},{"$nulls":11}," - "," - "," - "]
[null,null,"оборудование",{"$nulls":3},{"v":11606.25,"d":"11,606.25"},{"$nulls":11}," - "," - "," - "]
[null,null,"строительно-монтажные работы по установке БКТП","подстанция",{"v":1,"d":"1.00"},{"v":1213.9,"d":"1213.90"},{"v":1213.9,"d":"1,213.90"},{"$nulls":11}," - "," - "," - "]
["6.6.","Сети связи, в том числе:",{"$nulls":4},{"$f":"SUM(G693:G695)","v":{"v":981,"d":"981.00"}},{"$nulls":11}," - "," - "," - "]
[null,null,"разработка грунта с перевоз-кой и частичной засыпкой песком","м3",{"v":279,"d":"279.00"},0.52,145.08,{"$nulls":11}," - "," - "," - "]
[null,null,"прокладка труб ПЭ ","м",{"v":78,"d":"78.00"},2.44,190.32,{"$nulls":11}," - "," - "," - "]
[null,null,"устройство колодцев ","шт.",{"v":15,"d":"15.00"},43.04,{"v":645.6,"d":"645.60"},{"$nulls":11}," - "," - "," - "]
["6.7.","Тепломеханические решения тепловых сетей",{"$nulls":4},{"$f":"SUM(G697,G706)","v":{"v":2577.2000000000003,"d":"2,577.20"}},{"$nulls":11}," - "," - "," - "]
["6.7.1.","Тепломеханические решения тепловых сетей, в том числе:",{"$nulls":4},{"$f":"SUM(G698:G705)","v":{"v":2500.78,"d":"2,500.78"}},{"$nulls":11}," - "," - "," - "]
[null,null,"разработка грунта с перевоз-кой и частичной засыпкой песком","м3",{"v":2026,"d":"2026.00"},0.17,344.42,{"$nulls":11}," - "," - "," - "]
[null,null,"трубопроводы (ППУ)","м",{"v":166,"d":"166.00"},2.06,341.96,{"$nulls":11}," - "," - "," - "]
[null,null,"водовыпуск Ф200мм","м",{"v":66,"d":"66.00"},6.07,400.62,{"$nulls":11}," - "," - "," - "]
[null,null,"трасса (ППУ. Узлы). Бетон М150-350 (W6)","м3",5.48,{"v":20.2,"d":"20.20"},{"v":110.7,"d":"110.70"},{"$nulls":11}," - "," - "," - "]
[null,null,"трасса (ППУ. Основания). бетон М150-350 (W6).","м3",{"v":7.9,"d":"7.90"},14.62,{"v":115.5,"d":"115.50"},{"$nulls":11}," - "," - "," - "]
[null,null,"трасса (ППУ. Каналы). Бетон М150-350 (W6).","м3",45.87,23.11,{"v":1060.06,"d":"1,060.06"},{"$nulls":11}," - "," - "," - "]
[null,null,"монтажные часть (ППУ)","тн",0.02,{"v":4255,"d":"4255.00"},{"v":85.1,"d":"85.10"},{"$nulls":11}," - "," - "," - "]
[null,null,"оборудование (ППУ)","шт.",{"v":2,"d":"2.00"},21.21,42.42,{"$nulls":11}," - "," - "," - "]
["6.7.2.","Контроль ППУ изоляции тепловых сетей, в том числе:",{"$nulls":4},{"$f":"SUM(G707:G710)","v":76.42},{"$nulls":11}," - "," - "," - "]
[null,null,"прокладка трубопроводов Ф=50мм и кабеля в трубопроводе","м",{"v":65,"d":"65.00"},{"v":0.6,"d":"0.60"},{"v":39,"d":"39.00"},{"$nulls":11}," - "," - "," - "]
[null,null,"оборудование",{"$nulls":3},{"v":19.6,"d":"19.60"},{"$nulls":11}," - "," - "," - "]
[null,null,"материалы",{"$nulls":3},11.47,{"$nulls":11}," - "," - "," - "]
[null,null,"устройство ковера","шт",{"v":5,"d":"5.00"},1.27,6.35,{"$nulls":11}," - "," - "," - "]
["6.8.","Наружные сети водопровода, в том числе:",{"$nulls":4},{"$f":"SUM(G712:G717)","v":{"v":146.85999999999999,"d":"146.86"}},{"$nulls":11}," - "," - "," - "]
[null,null,"разработка грунта с перевоз-кой и засыпкой песком","м3",{"v":37,"d":"37.00"},1.64,60.68,{"$nulls":11}," - "," - "," - "]
[null,null,"трубопроводы ВЧШГ","м",{"v":16.5,"d":"16.50"},1.28,21.12,{"$nulls":11}," - "," - "," - "]
[null,null,"врезка Ф100мм","шт",{"v":1,"d":"1.00"},{"v":40.5,"d":"40.50"},{"v":40.5,"d":"40.50"},{"$nulls":11}," - "," - "," - "]
[null,null,"трубопроводы в стальном футляре Ф300мм","м",{"v":3,"d":"3.00"},4.51,13.53,{"$nulls":11}," - "," - "," - "]
[null,null,"чугунные фасонные части","шт",{"v":1,"d":"1.00"},4.27,4.27,{"$nulls":11}," - "," - "," - "]
[null,null,"основание","м3",0.39,17.33,6.76,{"$nulls":11}," - "," - "," - "]
["6.9.","Наружные сети канализации, в том числе:",{"$nulls":4},{"$f":"SUM(G719:G723)","v":149.57},{"$nulls":11}," - "," - "," - "]
[null,null,"разработка грунта с перевоз-кой и засыпкой песком","м3",{"v":12,"d":"12.00"},1.33,15.96,{"$nulls":11}," - "," - "," - "]
[null,null,"трубопроводы из труб ВЧШГ","м",{"v":12.5,"d":"12.50"},1.25,15.63,{"$nulls":11}," - "," - "," - "]
[null,null,"основание (железобетонное L=9,0м)","м3",0.26,17.31,{"v":4.5,"d":"4.50"},{"$nulls":11}," - "," - "," - "]
[null,null,"обоймы М200","м3",0.55,14.87,8.18,{"$nulls":11}," - "," - "," - "]
[null,null,"Колодец К-7Б","м3",4.38,24.04,{"v":105.3,"d":"105.30"},{"$nulls":11}," - "," - "," - "]
["6.10.","Сети дождевой канализации",{"$nulls":4},{"$f":"SUM(G725,G731)","v":{"v":84066.57,"d":"84,066.57"}},{"$nulls":11}," - "," - "," - "]
["6.10.1.","Сети дождевой канализации, в том числе:",{"$nulls":4},{"$f":"SUM(G726:G730)","v":{"v":70881.65000000001,"d":"70,881.65"}},{"$nulls":11}," - "," - "," - "]
[null,null,"разработка грунта с перевоз-кой и засыпкой песком","м3",{"v":12189,"d":"12189.00"},0.99,{"v":12067.11,"d":"12,067.11"},{"$nulls":11}," - "," - "," - "]
[null,null,"металлические крепления из труб Ф219мм (шнековое бурение)","м",{"v":18632,"d":"18632.00"},1.17,{"v":21799.44,"d":"21,799.44"},{"$nulls":11}," - "," - "," - "]
[null,null,"земляные работы (генплан), устройство газона (генплан)","м3",{"v":707,"d":"707.00"},1.19,841.33,{"$nulls":11}," - "," - "," - "]
[null,null,"трубопроводы КОРСИС Ф500 (323м), Ф800мм (101м) и Ф1200мм (160м)","м",{"v":647,"d":"647.00"},39.44,{"v":25517.68,"d":"25,517.68"},{"$nulls":11}," - "," - "," - "]
[null,null,"основания под трубы (песок - 342м, бетон М100 - 124,5м, ж/б М200- 101м","м",{"v":647,"d":"647.00"},16.47,{"v":10656.09,"d":"10,656.09"},{"$nulls":11}," - "," - "," - "]
["6.10.2.","Наружные сети дождевой канализации (камеры),\nв том числе:",{"$nulls":4},{"$f":"SUM(G732:G734)","v":{"v":13184.92,"d":"13,184.92"}},{"$nulls":11}," - "," - "," - "]
[null,null,"дождеприёмные колодцы","м3",{"v":2.335,"d":"2.34"},33.06,{"v":77.2,"d":"77.20"},{"$nulls":11}," - "," - "," - "]
[null,null,"монолитное ж/б основание для колодцев М350 (W6)","м3",0.66,{"v":13.7,"d":"13.70"},9.04,{"$nulls":11}," - "," - "," - "]
[null,null,"колодцы 13шт. М350 (W6)","м3",416.89,31.42,{"v":13098.68,"d":"13,098.68"},{"$nulls":11}," - "," - "," - "]
["6.11.","Благоустройство",{"$nulls":4},{"$f":"SUM(G736,G742,G744)","v":{"v":27564.46,"d":"27,564.46"}},{"$nulls":11}," - "," - "," - "]
["6.11.1.","Благоустройство, в том числе:",{"$nulls":4},{"$f":"SUM(G737:G741)","v":{"v":19557.17,"d":"19,557.17"}},{"$nulls":11}," - "," - "," - "]
[null,null,"разработка грунта с перевоз-кой и устройством насыпей (13503м3)","м3",{"v":15305,"d":"15305.00"},1.05,{"v":16070.25,"d":"16,070.25"},{"$nulls":11}," - "," - "," - "]
[null,null,"устройство проезжей части (песок 40см, бетон В7,5 18см., а/б тип1 6см, а/б типВ 5см)","м2",{"v":947,"d":"947.00"},2.37,{"v":2244.39,"d":"2,244.39"},{"$nulls":11}," - "," - "," - "]
[null,null,"устройство тротуаров(песок 30см, щебень 15см, а/б тип1 5см, а/б тип Д 3см.)","м2",{"v":243,"d":"243.00"},1.38,335.34,{"$nulls":11}," - "," - "," - "]
[null,null,"устройство отмостки (песок 25см, бетон В15 8-15см, а/б тип Л 3см)","м2",{"v":215,"d":"215.00"},1.57,337.55,{"$nulls":11}," - "," - "," - "]
[null,null,"устройство бортового камня","м",{"v":303,"d":"303.00"},1.88,569.64,{"$nulls":11}," - "," - "," - "]
["6.11.2.","Ограждение площадки ЛОС №1",{"$nulls":4},{"$f":"SUM(G743)","v":{"v":2498.52,"d":"2,498.52"}},{"$nulls":11}," - "," - "," - "]
[null,null,"металлическое ограждение","м",{"v":443,"d":"443.00"},5.64,{"v":2498.52,"d":"2,498.52"},{"$nulls":11}," - "," - "," - "]
["6.11.3.","Озеленение",{"$nulls":4},{"$f":"SUM(G745:G747)","v":{"v":5508.77,"d":"5,508.77"}},{"$nulls":11}," - "," - "," - "]
[null,null,"газон","м2",{"v":6038,"d":"6038.00"},0.41,{"v":2475.58,"d":"2,475.58"},{"$nulls":11}," - "," - "," - "]
[null,null,"откосы","м2",{"v":2885,"d":"2885.00"},0.34,{"v":980.9,"d":"980.90"},{"$nulls":11}," - "," - "," - "]
[null,null,"уход","м2",{"v":8923,"d":"8923.00"},0.23,{"v":2052.29,"d":"2,052.29"},{"$nulls":11}," - "," - "," - "]
["6.12.","Прочие  работы и затраты",{"$nulls":4},{"$f":"SUM(G749:G752)","v":{"v":36491.99,"d":"36,491.99"}},{"$nulls":11}," - "," - "," - "]
["6.12.1.","Временные здания и сооружения",{"$nulls":4},{"v":14556.82,"d":"14,556.82"},{"$nulls":11}," - "," - "," - "]
["6.12.2.","Зимнее удорожание",{"$nulls":4},{"v":10338.41,"d":"10,338.41"},{"$nulls":11}," - "," - "," - "]
["6.12.3.","Страхование объекта",{"$nulls":4},{"v":3976.31,"d":"3,976.31"},{"$nulls":11}," - "," - "," - "]
["6.12.4.","Пуско-наладочные работы",{"$nulls":4},{"v":7620.45,"d":"7,620.45"},{"$nulls":11}," - "," - "," - "]
[]
["7.","Водопроводный регулирующий узел (ВРУ)",null,"\n",null,null,{"$f":"SUM(G755,G757,G759,G762,G764,G766,G773,G776,G778,G780,G782,G785,G787,G789,G791,G798,G805,G807,G809,G811,G813,G815,G817,G819,G822,G824,G826,G828,G830,G832,G834,G836,G838,G840,G842)","v":{"v":343207.8352545973,"d":"343,207.84"}},{"$nulls":11}," - "," - "," - "]
["7.1.","Подготовка территории строительства, в том числе:",{"$nulls":4},{"$f":"SUM(G756)","v":{"v":115.58571527999999,"d":"115.59"}},{"$nulls":11}," - "," - "," - "]
["7.1.1.","вырубка и пересадка деревьев",null,"объект",{"v":1,"d":"1.00"},{"v":115.58571527999999,"d":"115.59"},{"v":115.58571527999999,"d":"115.59"},{"$nulls":11}," - "," - "," - "]
["7.2.","КПФ. РЧВ-1, РЧВ-2",{"$nulls":4},{"$f":"SUM(G758)","v":{"v":18005.047610319998,"d":"18,005.05"}},{"$nulls":11}," - "," - "," - "]
["7.2.1.","земляные работы",null,"объект",{"v":1,"d":"1.00"},{"v":18005.047610319998,"d":"18005.05"},{"v":18005.047610319998,"d":"18,005.05"},{"$nulls":11}," - "," - "," - "]
["7.3.","Здание насосной станции 2 подъема, в том числе:",{"$nulls":4},{"$f":"SUM(G760:G761)","v":{"v":29987.468263639996,"d":"29,987.47"}},{"$nulls":11}," - "," - "," - "]
["7.3.1.","архитектурные решения ",null,"объект",{"v":1,"d":"1.00"},{"v":7002.872431719999,"d":"7002.87"},{"v":7002.872431719999,"d":"7,002.87"},{"$nulls":11}," - "," - "," - "]
["7.3.2.","конструкции железобетонные и металлические",null,"объект",{"v":1,"d":"1.00"},{"v":22984.595831919996,"d":"22984.60"},{"v":22984.595831919996,"d":"22,984.60"},{"$nulls":11}," - "," - "," - "]
["7.4.","Камера фильтров-поглатителей",{"$nulls":4},{"$f":"SUM(G763)","v":{"v":9135.16472596,"d":"9,135.16"}},{"$nulls":11}," - "," - "," - "]
["7.4.1.","конструкции железобетонные",null,"объект",{"v":1,"d":"1.00"},{"v":9135.16472596,"d":"9135.16"},{"v":9135.16472596,"d":"9,135.16"},{"$nulls":11}," - "," - "," - "]
["7.5.","Резервуары чистой воды",{"$nulls":4},{"$f":"SUM(G765)","v":{"v":58256.13506584,"d":"58,256.14"}},{"$nulls":11}," - "," - "," - "]
["7.5.1.","конструкции железобетонные",null,"объект",{"v":1,"d":"1.00"},{"v":58256.13506584,"d":"58256.14"},{"v":58256.13506584,"d":"58,256.14"},{"$nulls":11}," - "," - "," - "]
["7.6.","Технологическое оборудование",{"$nulls":4},{"$f":"SUM(G767)","v":{"v":31006.3528242,"d":"31,006.35"}},{"$nulls":11}," - "," - "," - "]
[null,null,"оборудование насосной станции","объект",{"v":1,"d":"1.00"},{"v":31006.3528242,"d":"31006.35"},{"v":31006.3528242,"d":"31,006.35"},{"$nulls":11}," - "," - "," - "]
[null,null,"трубопровод насосной станции",{"$nulls":15}," - "," - "," - "]
[null,null,"конрольная лаборатория",{"$nulls":15}," - "," - "," - "]
[null,null,"трубопровод РЧВ1",{"$nulls":15}," - "," - "," - "]
[null,null,"трубопровод РЧВ2",{"$nulls":15}," - "," - "," - "]
[null,null,"оборудование фильтров-поглатителей",{"$nulls":15}," - "," - "," - "]
["7.7.","Отопление и вентиляция",{"$nulls":4},{"$f":"SUM(G774)","v":{"v":2878.3031763999998,"d":"2,878.30"}},{"$nulls":11}," - "," - "," - "]
[null,null,"административная часть","объект",{"v":1,"d":"1.00"},{"v":2878.3031763999998,"d":"2878.30"},{"v":2878.3031763999998,"d":"2,878.30"},{"$nulls":11}," - "," - "," - "]
[null,null,"камеры филитров-поглатителей",{"$nulls":15}," - "," - "," - "]
["7.8.","Автоматизация вентсистем",{"$nulls":4},{"$f":"SUM(G777)","v":{"v":143.47370311999998,"d":"143.47"}},{"$nulls":11}," - "," - "," - "]
[null,null,"комплекс","объект",{"v":1,"d":"1.00"},{"v":143.47370311999998,"d":"143.47"},{"v":143.47370311999998,"d":"143.47"},{"$nulls":11}," - "," - "," - "]
["7.9.","Автоматизация системы отопления ВРУ",{"$nulls":4},{"$f":"SUM(G779)","v":{"v":173.37857292,"d":"173.38"}},{"$nulls":11}," - "," - "," - "]
[null,null,"комплекс","объект",{"v":1,"d":"1.00"},{"v":173.37857292,"d":"173.38"},{"v":173.37857292,"d":"173.38"},{"$nulls":11}," - "," - "," - "]
["7.10.","Силовое электрооборудование ВРУ",{"$nulls":4},{"$f":"SUM(G781)","v":{"v":31812.08815792,"d":"31,812.09"}},{"$nulls":11}," - "," - "," - "]
[null,null,"комплекс","объект",{"v":1,"d":"1.00"},{"v":31812.08815792,"d":"31812.09"},{"v":31812.08815792,"d":"31,812.09"},{"$nulls":11}," - "," - "," - "]
["7.11.","Внутреннее электроосвещение сооружений ВРУ",{"$nulls":4},{"$f":"SUM(G783)","v":{"v":1414.60184632,"d":"1,414.60"}},{"$nulls":11}," - "," - "," - "]
[null,null,"насосная станция","объект",{"v":1,"d":"1.00"},{"v":1414.60184632,"d":"1414.60"},{"v":1414.60184632,"d":"1,414.60"},{"$nulls":11}," - "," - "," - "]
[null,null,"камеры фильтров поглотителей",{"$nulls":15}," - "," - "," - "]
["7.12.","Силовое электрооборудование ИТП",{"$nulls":4},{"$f":"SUM(G786)","v":{"v":579.39529044,"d":"579.40"}},{"$nulls":11}," - "," - "," - "]
[null,null,"комплекс","объект",{"v":1,"d":"1.00"},{"v":579.39529044,"d":"579.40"},{"v":579.39529044,"d":"579.40"},{"$nulls":11}," - "," - "," - "]
["7.13.","Внутреннее электроосвещение ИТП",{"$nulls":4},{"$f":"SUM(G788)","v":{"v":90.09660372,"d":"90.10"}},{"$nulls":11}," - "," - "," - "]
[null,null,"комплекс","объект",{"v":1,"d":"1.00"},{"v":90.09660372,"d":"90.10"},{"v":90.09660372,"d":"90.10"},{"$nulls":11}," - "," - "," - "]
["7.14.","Индивидуальный тепловой пункт. ТМ и АТМ",{"$nulls":4},{"$f":"SUM(G790)","v":{"v":4400.47966844,"d":"4,400.48"}},{"$nulls":11}," - "," - "," - "]
[null,null,"комплекс","объект",{"v":1,"d":"1.00"},{"v":4400.47966844,"d":"4400.48"},{"v":4400.47966844,"d":"4,400.48"},{"$nulls":11}," - "," - "," - "]
["7.15.","Внутренние устройства (водопровод, канализация)",null,"\n",null,null,{"$f":"SUM(G792)","v":{"v":719.79982536,"d":"719.80"}},{"$nulls":11}," - "," - "," - "]
[null,null,"холодное водоснабжение","объект",{"v":1,"d":"1.00"},{"v":719.79982536,"d":"719.80"},{"v":719.79982536,"d":"719.80"},{"$nulls":11}," - "," - "," - "]
[null,null,"водомерный узел",{"$nulls":15}," - "," - "," - "]
[null,null,"горячее водоснабжение",{"$nulls":15}," - "," - "," - "]
[null,null,"канализация",{"$nulls":15}," - "," - "," - "]
[null,null,"водосток",{"$nulls":15}," - "," - "," - "]
[null,null,"оборудование",{"$nulls":15}," - "," - "," - "]
["7.16.","Внутренние сети связи и охранно-пожарная сигнализация",{"$nulls":4},{"$f":"SUM(G799)","v":{"v":3938.4671483199995,"d":"3,938.47"}},{"$nulls":11}," - "," - "," - "]
[null,null,"телефонизация","объект",{"v":1,"d":"1.00"},{"v":3938.4671483199995,"d":"3938.47"},{"v":3938.4671483199995,"d":"3,938.47"},{"$nulls":11}," - "," - "," - "]
[null,null,"радиофикация",{"$nulls":15}," - "," - "," - "]
[null,null,"пожарная сигнализация",{"$nulls":15}," - "," - "," - "]
[null,null,"оповещение",{"$nulls":15}," - "," - "," - "]
[null,null,"пожарная сигнализация и контроль доступа",{"$nulls":15}," - "," - "," - "]
[null,null,"видеонаблюдение",{"$nulls":15}," - "," - "," - "]
["7.17.","АСУ ТП ВРУ",{"$nulls":4},{"$f":"SUM(G806)","v":{"v":9133.79531236,"d":"9,133.80"}},{"$nulls":11}," - "," - "," - "]
[null,null,"комплекс","объект",{"v":1,"d":"1.00"},{"v":9133.79531236,"d":"9133.80"},{"v":9133.79531236,"d":"9,133.80"},{"$nulls":11}," - "," - "," - "]
["7.18.","Автоматизация узла учета холодной воды для ВРУ",{"$nulls":4},{"$f":"SUM(G808)","v":{"v":178.74451200000001,"d":"178.74"}},{"$nulls":11}," - "," - "," - "]
[null,null,"комплекс","объект",{"v":1,"d":"1.00"},{"v":178.74451200000001,"d":"178.74"},{"v":178.74451200000001,"d":"178.74"},{"$nulls":11}," - "," - "," - "]
["7.19.","Автоматизация узла учета сточных вод для ВРУ",{"$nulls":4},{"$f":"SUM(G810)","v":{"v":347.17397611999996,"d":"347.17"}},{"$nulls":11}," - "," - "," - "]
[null,null,"комплекс","объект",{"v":1,"d":"1.00"},{"v":347.17397611999996,"d":"347.17"},{"v":347.17397611999996,"d":"347.17"},{"$nulls":11}," - "," - "," - "]
["7.20.","ТП 20 кВ",{"$nulls":4},{"$f":"SUM(G812)","v":{"v":13286.568481639999,"d":"13,286.57"}},{"$nulls":11}," - "," - "," - "]
[null,null,"комплекс","объект",{"v":1,"d":"1.00"},{"v":13286.568481639999,"d":"13286.57"},{"v":13286.568481639999,"d":"13,286.57"},{"$nulls":11}," - "," - "," - "]
["7.21.","Наружные сети канализации КНС",{"$nulls":4},{"$f":"SUM(G814)","v":{"v":1187.21191928,"d":"1,187.21"}},{"$nulls":11}," - "," - "," - "]
[null,null,"комплекс","объект",{"v":1,"d":"1.00"},{"v":1187.21191928,"d":"1187.21"},{"v":1187.21191928,"d":"1,187.21"},{"$nulls":11}," - "," - "," - "]
["7.22.","Прокладка внутриплощадочных сетей 0,4 кВ",{"$nulls":4},{"$f":"SUM(G816)","v":{"v":2413.78486964,"d":"2,413.78"}},{"$nulls":11}," - "," - "," - "]
[null,null,"комплекс","объект",{"v":1,"d":"1.00"},{"v":2413.78486964,"d":"2413.78"},{"v":2413.78486964,"d":"2,413.78"},{"$nulls":11}," - "," - "," - "]
["7.23.","Сети связи",{"$nulls":4},{"$f":"SUM(G818)","v":{"v":614.33936204,"d":"614.34"}},{"$nulls":11}," - "," - "," - "]
[null,null,"комплекс","объект",{"v":1,"d":"1.00"},{"v":614.33936204,"d":"614.34"},{"v":614.33936204,"d":"614.34"},{"$nulls":11}," - "," - "," - "]
["7.24.","Тепломеханические решения тепловых сетей, в том числе:",{"$nulls":4},{"$f":"SUM(G820:G821)","v":{"v":4040.94493272,"d":"4,040.94"}},{"$nulls":11}," - "," - "," - "]
["7.23.1.","Тепломеханические решения тепловых сетей",null,"объект",{"v":1,"d":"1.00"},{"v":3951.83815076,"d":"3951.84"},{"v":3951.83815076,"d":"3,951.84"},{"$nulls":11}," - "," - "," - "]
["7.23.2.","Контроль ППУ изоляции тепловых сетей",null,"объект",{"v":1,"d":"1.00"},{"v":89.10678196,"d":"89.11"},{"v":89.10678196,"d":"89.11"},{"$nulls":11}," - "," - "," - "]
["7.25.","Наружные сети водоснабжения",{"$nulls":4},{"$f":"SUM(G823)","v":{"v":25747.39858108,"d":"25,747.40"}},{"$nulls":11}," - "," - "," - "]
[{"$nulls":3},"объект",{"v":1,"d":"1.00"},{"v":25747.39858108,"d":"25747.40"},{"v":25747.39858108,"d":"25,747.40"},{"$nulls":11}," - "," - "," - "]
["7.26.","Наружные сети канализации",{"$nulls":4},{"$f":"SUM(G825)","v":{"v":9834.48100684,"d":"9,834.48"}},{"$nulls":11}," - "," - "," - "]
[{"$nulls":3},"объект",{"v":1,"d":"1.00"},{"v":9834.48100684,"d":"9834.48"},{"v":9834.48100684,"d":"9,834.48"},{"$nulls":11}," - "," - "," - "]
["7.27.","Наружные сети дождевой канализации",{"$nulls":4},{"$f":"SUM(G827)","v":{"v":15479.483754959998,"d":"15,479.48"}},{"$nulls":11}," - "," - "," - "]
[{"$nulls":3},"объект",{"v":1,"d":"1.00"},{"v":15479.483754959998,"d":"15479.48"},{"v":15479.483754959998,"d":"15,479.48"},{"$nulls":11}," - "," - "," - "]
["7.28.","Наружные сети дождевой канализации (камеры)",{"$nulls":4},{"$f":"SUM(G829)","v":{"v":8801.24643324,"d":"8,801.25"}},{"$nulls":11}," - "," - "," - "]
[{"$nulls":3},"объект",{"v":1,"d":"1.00"},{"v":8801.24643324,"d":"8801.25"},{"v":8801.24643324,"d":"8,801.25"},{"$nulls":11}," - "," - "," - "]
["7.29.","Локальное очистное сооружение",{"$nulls":4},{"$f":"SUM(G831)","v":{"v":3230.36379684,"d":"3,230.36"}},{"$nulls":11}," - "," - "," - "]
[{"$nulls":3},"объект",{"v":1,"d":"1.00"},{"v":3230.36379684,"d":"3230.36"},{"v":3230.36379684,"d":"3,230.36"},{"$nulls":11}," - "," - "," - "]
["7.30.","Наружное освещение",{"$nulls":4},{"$f":"SUM(G833)","v":{"v":1949.4779811199999,"d":"1,949.48"}},{"$nulls":11}," - "," - "," - "]
[{"$nulls":3},"объект",{"v":1,"d":"1.00"},{"v":1949.4779811199999,"d":"1949.48"},{"v":1949.4779811199999,"d":"1,949.48"},{"$nulls":11}," - "," - "," - "]
["7.31.","Дороги и тротуары",{"$nulls":4},{"$f":"SUM(G835)","v":{"v":14184.926626800001,"d":"14,184.93"}},{"$nulls":11}," - "," - "," - "]
[{"$nulls":3},"объект",{"v":1,"d":"1.00"},{"v":14184.926626800001,"d":"14184.93"},{"v":14184.926626800001,"d":"14,184.93"},{"$nulls":11}," - "," - "," - "]
["7.32.","Ограждение площадки",{"$nulls":4},{"$f":"SUM(G837)","v":{"v":3629.8649886,"d":"3,629.86"}},{"$nulls":11}," - "," - "," - "]
[{"$nulls":3},"объект",{"v":1,"d":"1.00"},{"v":3629.8649886,"d":"3629.86"},{"v":3629.8649886,"d":"3,629.86"},{"$nulls":11}," - "," - "," - "]
["7.33.","Устройство газона",{"$nulls":4},{"$f":"SUM(G839)","v":{"v":3055.40679456,"d":"3,055.41"}},{"$nulls":11}," - "," - "," - "]
[{"$nulls":3},"объект",{"v":1,"d":"1.00"},{"v":3055.40679456,"d":"3055.41"},{"v":3055.40679456,"d":"3,055.41"},{"$nulls":11}," - "," - "," - "]
["7.34.","Озеленение",{"$nulls":4},{"$f":"SUM(G841)","v":{"v":9799.49489184,"d":"9,799.49"}},{"$nulls":11}," - "," - "," - "]
[{"$nulls":3},"объект",{"v":1,"d":"1.00"},{"v":9799.49489184,"d":"9799.49"},{"v":9799.49489184,"d":"9,799.49"},{"$nulls":11}," - "," - "," - "]
["7.35.","Прочие работы и затраты",{"$nulls":4},{"$f":"SUM(G843:G846)","v":{"v":23637.288834717354,"d":"23,637.29"}},{"$nulls":11}," - "," - "," - "]
["7.35.1.","Временные здания и сооружения",{"$nulls":4},{"v":8971.557794779957,"d":"8,971.56"},{"$nulls":11}," - "," - "," - "]
["7.35.2.","Зимнее удорожание",{"$nulls":4},{"v":6371.694783303197,"d":"6,371.69"},{"$nulls":11}," - "," - "," - "]
["7.35.3.","Страхование объекта",{"$nulls":4},{"v":2450.651839731999,"d":"2,450.65"},{"$nulls":11}," - "," - "," - "]
["7.35.4.","Пуско-наладочные работы ",{"$nulls":4},{"v":5843.3844169022,"d":"5,843.38"},{"$nulls":11}," - "," - "," - "]
[]
[null,"ВСЕГО СТОИМОСТЬ",null,"\n",null,null,{"$f":"SUM(G13,G43,G312,G345,G500,G535,G754)","v":{"v":2063718.7823712674,"d":"2,063,718.782"}}]
[]
["Примечания: \n - Расценки начальной (максимальной) цены даны справочно. \n - Расценки Участника Процедуры закупки не должны превышать соответствующие расценки начальной (максимальной) цены.\n - Для оценки критерия \"Обоснование (качество) расчёта стоимости с графиком финансирования\" Участник Процедуры закупки должен приложить сметные расчеты стоимости по каждому пункту данной таблицы."]
[]
[null,null,"______________(должность)",{"$nulls":10},"Главный Бухгалтер:"]
[{"$nulls":13},"________________________"]
[null,null,"________________________"]
[{"$nulls":13},"«___» ______________ 20__ г."]
[null,null,"«___» ______________ 20__ г.",{"$nulls":10},"М.П."]
[null,null,"М.П."]

{"sheet":"Лист1","index":1,"n_rows":0,"n_cols":0,"rows_kept":0}